{"text_format":"1","workbook":"xlsx","n_sheets":2,"sheets":["Данные","Лист1"],"not_rendered":{"charts":0,"images":0,"macros":1,"external_links":0,"defined_names":4,"comments":0,"pivot_tables":0},"unopened":[],"bounds":{"document_bytes":16777216,"sheet_cells":100000,"rows_first":2000,"rows_last":500,"rows_between":2000,"halvings":0,"cell_chars":16384,"cell_head_chars":4096},"cells_cut":0,"cells_raw":0,"read":"whole","date_system":"1900"}

{"sheet":"Данные","index":0,"n_rows":573,"n_cols":10,"rows_kept":573,"cut":false,"hidden":false,"merged":[[1,0,1,9]]}
[null,null,null,null,null,null,null,null,"Приложение №1"]
["Перечень актуальных и готовых к реализации невостребованных МТР"]
[]
["Наименование лота","Наименование ОГ","№ лота","№ позиции","Наименование неликвидных (НЛ) и невостребованных ликвидных (НВЛ) материалов","Ед. изм","Количество","Мин. цена реализации за ед., руб., без НДС ","Сумма, руб. без НДС","Место нахождения"]
["Вал","ПАО АНК \"Башнефть\" \"Башнефть-Новойл\"",1,1,"Вал 5КЕ.200.317","ШТ",1,19139.13,{"$f":"G5*H5","v":19139.13},"450045, г. Уфа, ПАО АНК \"Башнефть\" \"Башнефть-Новойл\""]
["Вал","ПАО АНК \"Башнефть\" \"Башнефть-Новойл\"",1,2,"Вал ГХ.715423.003-02","ШТ",1,9482.35,9482.35,"450045, г. Уфа, ПАО АНК \"Башнефть\" \"Башнефть-Новойл\""]
["Вал","ПАО АНК \"Башнефть\" \"Башнефть-Новойл\"",1,3,"Вал С.702.001.013","ШТ",1,114766.61,114766.61,"450045, г. Уфа, ПАО АНК \"Башнефть\" \"Башнефть-Новойл\""]
["Вал","ПАО АНК \"Башнефть\" \"Башнефть-Новойл\"",1,4,"Вал ч.1-1-1М","ШТ",1,9119.57,9119.57,"450045, г. Уфа, ПАО АНК \"Башнефть\" \"Башнефть-Новойл\""]
["Вал","ПАО АНК \"Башнефть\" \"Башнефть-Новойл\"",1,5,"Вал ч.26.02.001 6НГ7х2","ШТ",1,12500.95,12500.95,"450045, г. Уфа, ПАО АНК \"Башнефть\" \"Башнефть-Новойл\""]
["Вал","ПАО АНК \"Башнефть\" \"Башнефть-Новойл\"",1,6,"Вал ч.770.44-01","ШТ",1,18116.060000000001,18116.060000000001,"450045, г. Уфа, ПАО АНК \"Башнефть\" \"Башнефть-Новойл\""]
["Вал","ПАО АНК \"Башнефть\" \"Башнефть-Новойл\"",1,7,"Вал ч.Н12.2.240.01","ШТ",2,12169.13,24338.26,"450045, г. Уфа, ПАО АНК \"Башнефть\" \"Башнефть-Новойл\""]
["Вал","ПАО АНК \"Башнефть\" \"Башнефть-Новойл\"",1,8,"Вал ч.Н12.2.240.01","ШТ",1,11118.79,11118.79,"450045, г. Уфа, ПАО АНК \"Башнефть\" \"Башнефть-Новойл\""]
["Втулки","ПАО АНК \"Башнефть\" \"Башнефть-Новойл\"",2,9,"Втулка 92-0-0-1","ШТ",6,9483.0499999999993,56898.299999999996,"450045, г. Уфа, ПАО АНК \"Башнефть\" \"Башнефть-Новойл\""]
["Втулки","ПАО АНК \"Башнефть\" \"Башнефть-Новойл\"",2,10,"Втулка защитная 20Д6","ШТ",4,5601.56,22406.240000000002,"450045, г. Уфа, ПАО АНК \"Башнефть\" \"Башнефть-Новойл\""]
["Втулки","ПАО АНК \"Башнефть\" \"Башнефть-Новойл\"",2,11,"Втулка защитная 20Д6","ШТ",4,5092.3,20369.2,"450045, г. Уфа, ПАО АНК \"Башнефть\" \"Башнефть-Новойл\""]
["Втулки","ПАО АНК \"Башнефть\" \"Башнефть-Новойл\"",2,12,"Втулка 12Х18Н10Т эск.430","ШТ",1,5266.2,5266.2,"450045, г. Уфа, ПАО АНК \"Башнефть\" \"Башнефть-Новойл\""]
["Втулки","ПАО АНК \"Башнефть\" \"Башнефть-Новойл\"",2,13,"Втулка 1ЦГ100/80","ШТ",12,7943.23,95318.76,"450045, г. Уфа, ПАО АНК \"Башнефть\" \"Башнефть-Новойл\""]
["Втулки","ПАО АНК \"Башнефть\" \"Башнефть-Новойл\"",2,14,"Втулка 1ЦГ100/80","ШТ",5,7952.95,39764.75,"450045, г. Уфа, ПАО АНК \"Башнефть\" \"Башнефть-Новойл\""]
["Втулки","ПАО АНК \"Башнефть\" \"Башнефть-Новойл\"",2,15,"Втулка 1ЦГ100/80","ШТ",1,9009.5499999999993,9009.5499999999993,"450045, г. Уфа, ПАО АНК \"Башнефть\" \"Башнефть-Новойл\""]
["Втулки","ПАО АНК \"Башнефть\" \"Башнефть-Новойл\"",2,16,"Втулка 413-2-6АР-0-2","ШТ",2,3506.84,7013.68,"450045, г. Уфа, ПАО АНК \"Башнефть\" \"Башнефть-Новойл\""]
["Втулки","ПАО АНК \"Башнефть\" \"Башнефть-Новойл\"",2,17,"Втулка 413-2-6АР-0-2","ШТ",2,3970.75,7941.5,"450045, г. Уфа, ПАО АНК \"Башнефть\" \"Башнефть-Новойл\""]
["Втулки","ПАО АНК \"Башнефть\" \"Башнефть-Новойл\"",2,18,"Втулка 652-2-1-5","ШТ",8,53483.68,427869.44,"450045, г. Уфа, ПАО АНК \"Башнефть\" \"Башнефть-Новойл\""]
["Втулки","ПАО АНК \"Башнефть\" \"Башнефть-Новойл\"",2,19,"Втулка 750.01.03.002","ШТ",1,14447.53,14447.53,"450045, г. Уфа, ПАО АНК \"Башнефть\" \"Башнефть-Новойл\""]
["Втулки","ПАО АНК \"Башнефть\" \"Башнефть-Новойл\"",2,20,"Втулка 750.01.03.002","ШТ",4,14239.21,56956.84,"450045, г. Уфа, ПАО АНК \"Башнефть\" \"Башнефть-Новойл\""]
["Втулки","ПАО АНК \"Башнефть\" \"Башнефть-Новойл\"",2,21,"Втулка 92-0-0-1","ШТ",11,9812.76,107940.36,"450045, г. Уфа, ПАО АНК \"Башнефть\" \"Башнефть-Новойл\""]
["Втулки","ПАО АНК \"Башнефть\" \"Башнефть-Новойл\"",2,22,"Втулка 92-0-0-1","ШТ",7,9483.0499999999993,66381.349999999991,"450045, г. Уфа, ПАО АНК \"Башнефть\" \"Башнефть-Новойл\""]
["Втулки","ПАО АНК \"Башнефть\" \"Башнефть-Новойл\"",2,23,"Втулка 92-0-0-1","ШТ",8,6667.44,53339.519999999997,"450045, г. Уфа, ПАО АНК \"Башнефть\" \"Башнефть-Новойл\""]
["Втулки","ПАО АНК \"Башнефть\" \"Башнефть-Новойл\"",2,24,"Втулка 92-0-0-1","ШТ",4,10087.25,40349,"450045, г. Уфа, ПАО АНК \"Башнефть\" \"Башнефть-Новойл\""]
["Втулки","ПАО АНК \"Башнефть\" \"Башнефть-Новойл\"",2,25,"Втулка ВНГ 50.150.00.030","ШТ",1,4138.84,4138.84,"450045, г. Уфа, ПАО АНК \"Башнефть\" \"Башнефть-Новойл\""]
["Втулки","ПАО АНК \"Башнефть\" \"Башнефть-Новойл\"",2,26,"Втулка ГХ.713153.003-94","ШТ",6,4602.3100000000004,27613.86,"450045, г. Уфа, ПАО АНК \"Башнефть\" \"Башнефть-Новойл\""]
["Втулки","ПАО АНК \"Башнефть\" \"Башнефть-Новойл\"",2,27,"Втулка дистанцион. ч.В16.11.01.102 п.10","ШТ",1,1654.19,1654.19,"450045, г. Уфа, ПАО АНК \"Башнефть\" \"Башнефть-Новойл\""]
["Втулки","ПАО АНК \"Башнефть\" \"Башнефть-Новойл\"",2,28,"Втулка защитная 524.01","ШТ",2,4551.34,9102.68,"450045, г. Уфа, ПАО АНК \"Башнефть\" \"Башнефть-Новойл\""]
["Втулки","ПАО АНК \"Башнефть\" \"Башнефть-Новойл\"",2,29,"Втулка защитная 524.01 12Х18Н10Т","ШТ",3,3865.85,11597.55,"450045, г. Уфа, ПАО АНК \"Башнефть\" \"Башнефть-Новойл\""]
["Втулки","ПАО АНК \"Башнефть\" \"Башнефть-Новойл\"",2,30,"Втулка защитная большая","ШТ",4,4217.33,16869.32,"450045, г. Уфа, ПАО АНК \"Башнефть\" \"Башнефть-Новойл\""]
["Втулки","ПАО АНК \"Башнефть\" \"Башнефть-Новойл\"",2,31,"Втулка защитная ч.24.18 для НДН 20","ШТ",4,8805.73,35222.92,"450045, г. Уфа, ПАО АНК \"Башнефть\" \"Башнефть-Новойл\""]
["Втулки","ПАО АНК \"Башнефть\" \"Башнефть-Новойл\"",2,32,"Втулка защитная ч.26.02.009","ШТ",2,4768.99,9537.98,"450045, г. Уфа, ПАО АНК \"Башнефть\" \"Башнефть-Новойл\""]
["Втулки","ПАО АНК \"Башнефть\" \"Башнефть-Новойл\"",2,33,"Втулка защитная ч.II.16.08.Н-5","ШТ",1,6597.46,6597.46,"450045, г. Уфа, ПАО АНК \"Башнефть\" \"Башнефть-Новойл\""]
["Втулки","ПАО АНК \"Башнефть\" \"Башнефть-Новойл\"",2,34,"Втулка золотника ч.0230а","ШТ",4,10728.53,42914.12,"450045, г. Уфа, ПАО АНК \"Башнефть\" \"Башнефть-Новойл\""]
["Втулки","ПАО АНК \"Башнефть\" \"Башнефть-Новойл\"",2,35,"Втулка сальника верхняя 8НД9х2","ШТ",2,5977.96,11955.92,"450045, г. Уфа, ПАО АНК \"Башнефть\" \"Башнефть-Новойл\""]
["Втулки","ПАО АНК \"Башнефть\" \"Башнефть-Новойл\"",2,36,"Втулка ч.262.03","ШТ",1,6414.56,6414.56,"450045, г. Уфа, ПАО АНК \"Башнефть\" \"Башнефть-Новойл\""]
["Втулки","ПАО АНК \"Башнефть\" \"Башнефть-Новойл\"",2,37,"Втулка ч.262.05","ШТ",1,6128.17,6128.17,"450045, г. Уфа, ПАО АНК \"Башнефть\" \"Башнефть-Новойл\""]
["Втулки","ПАО АНК \"Башнефть\" \"Башнефть-Новойл\"",2,38,"Втулка ч.754.41","ШТ",4,3236.26,12945.04,"450045, г. Уфа, ПАО АНК \"Башнефть\" \"Башнефть-Новойл\""]
["Втулки","ПАО АНК \"Башнефть\" \"Башнефть-Новойл\"",2,39,"Втулка ч.762.05","ШТ",3,1390.83,4172.49,"450045, г. Уфа, ПАО АНК \"Башнефть\" \"Башнефть-Новойл\""]
["Гильзы","ПАО АНК \"Башнефть\" \"Башнефть-Новойл\"",3,40,"Гильза защитная левая ч.Н22-1-5","ШТ",1,4429.96,4429.96,"450045, г. Уфа, ПАО АНК \"Башнефть\" \"Башнефть-Новойл\""]
["Гильзы","ПАО АНК \"Башнефть\" \"Башнефть-Новойл\"",3,41,"Гильза 12Х18Н10Т Х8/90-А-2Г эск.447","ШТ",1,2498.42,2498.42,"450045, г. Уфа, ПАО АНК \"Башнефть\" \"Башнефть-Новойл\""]
["Гильзы","ПАО АНК \"Башнефть\" \"Башнефть-Новойл\"",3,42,"Гильза Бр.АЖ9-4 РПН2х30 эск.443","ШТ",3,5581.47,16744.41,"450045, г. Уфа, ПАО АНК \"Башнефть\" \"Башнефть-Новойл\""]
["Гильзы","ПАО АНК \"Башнефть\" \"Башнефть-Новойл\"",3,43,"Гильза защитн. ч.Н12.2.240.01.0607 95Х18","ШТ",2,5438.65,10877.3,"450045, г. Уфа, ПАО АНК \"Башнефть\" \"Башнефть-Новойл\""]
["Гильзы","ПАО АНК \"Башнефть\" \"Башнефть-Новойл\"",3,44,"Гильза защитн.ч.Н12.2.240.01.0609 95Х18","ШТ",2,5553.64,11107.28,"450045, г. Уфа, ПАО АНК \"Башнефть\" \"Башнефть-Новойл\""]
["Гильзы","ПАО АНК \"Башнефть\" \"Башнефть-Новойл\"",3,45,"Гильза защитная 8-1-4М 30Х13","ШТ",1,4697.68,4697.68,"450045, г. Уфа, ПАО АНК \"Башнефть\" \"Башнефть-Новойл\""]
["Гильзы","ПАО АНК \"Башнефть\" \"Башнефть-Новойл\"",3,46,"Гильза защитная 8-1-4М 30Х13","ШТ",1,4291.82,4291.82,"450045, г. Уфа, ПАО АНК \"Башнефть\" \"Башнефть-Новойл\""]
["Гильзы","ПАО АНК \"Башнефть\" \"Башнефть-Новойл\"",3,47,"Гильза защитная левая ч.Н22-1-5","ШТ",1,4429.96,4429.96,"450045, г. Уфа, ПАО АНК \"Башнефть\" \"Башнефть-Новойл\""]
["Гильзы","ПАО АНК \"Башнефть\" \"Башнефть-Новойл\"",3,48,"Гильза защитная НК65/35-240 эск. 409","ШТ",3,2136.83,6410.49,"450045, г. Уфа, ПАО АНК \"Башнефть\" \"Башнефть-Новойл\""]
["Гильзы","ПАО АНК \"Башнефть\" \"Башнефть-Новойл\"",3,49,"Гильза защитная правая ч.Н22-1-4","ШТ",1,5172.4399999999996,5172.4399999999996,"450045, г. Уфа, ПАО АНК \"Башнефть\" \"Башнефть-Новойл\""]
["Гильзы","ПАО АНК \"Башнефть\" \"Башнефть-Новойл\"",3,50,"Гильза защитная правая ч.Н22-1-4","ШТ",1,5375.83,5375.83,"450045, г. Уфа, ПАО АНК \"Башнефть\" \"Башнефть-Новойл\""]
["Гильзы","ПАО АНК \"Башнефть\" \"Башнефть-Новойл\"",3,51,"Гильза защитная ч.260.11 95Х18","ШТ",5,6219.38,31096.9,"450045, г. Уфа, ПАО АНК \"Башнефть\" \"Башнефть-Новойл\""]
["Гильзы","ПАО АНК \"Башнефть\" \"Башнефть-Новойл\"",3,52,"Гильза защитная ч.33-1-8","ШТ",1,3217.96,3217.96,"450045, г. Уфа, ПАО АНК \"Башнефть\" \"Башнефть-Новойл\""]
["Гильзы","ПАО АНК \"Башнефть\" \"Башнефть-Новойл\"",3,53,"Гильза защитная ч.710.07-01","ШТ",7,9239.99,64679.93,"450045, г. Уфа, ПАО АНК \"Башнефть\" \"Башнефть-Новойл\""]
["Гильзы","ПАО АНК \"Башнефть\" \"Башнефть-Новойл\"",3,54,"Гильза защитная ч.710.07-01","ШТ",5,9239.99,46199.95,"450045, г. Уфа, ПАО АНК \"Башнефть\" \"Башнефть-Новойл\""]
["Гильзы","ПАО АНК \"Башнефть\" \"Башнефть-Новойл\"",3,55,"Гильза защитная ч.710.07-01","ШТ",1,8035.87,8035.87,"450045, г. Уфа, ПАО АНК \"Башнефть\" \"Башнефть-Новойл\""]
["Гильзы","ПАО АНК \"Башнефть\" \"Башнефть-Новойл\"",3,56,"Гильза защитная ч.710.07-01","ШТ",1,8035.87,8035.87,"450045, г. Уфа, ПАО АНК \"Башнефть\" \"Башнефть-Новойл\""]
["Гильзы","ПАО АНК \"Башнефть\" \"Башнефть-Новойл\"",3,57,"Гильза защитная ч.710.58","ШТ",5,11137.1,55685.5,"450045, г. Уфа, ПАО АНК \"Башнефть\" \"Башнефть-Новойл\""]
["Гильзы","ПАО АНК \"Башнефть\" \"Башнефть-Новойл\"",3,58,"Гильза защитная ч.710.58","ШТ",1,7695.46,7695.46,"450045, г. Уфа, ПАО АНК \"Башнефть\" \"Башнефть-Новойл\""]
["Гильзы","ПАО АНК \"Башнефть\" \"Башнефть-Новойл\"",3,59,"Гильза защитная ч.710.58","ШТ",3,7121.76,21365.279999999999,"450045, г. Уфа, ПАО АНК \"Башнефть\" \"Башнефть-Новойл\""]
["Гильзы","ПАО АНК \"Башнефть\" \"Башнефть-Новойл\"",3,60,"Гильза защитная ч.Н12.2.240.01.0607 40Х","ШТ",3,2583.37,7750.11,"450045, г. Уфа, ПАО АНК \"Башнефть\" \"Башнефть-Новойл\""]
["Гильзы","ПАО АНК \"Башнефть\" \"Башнефть-Новойл\"",3,61,"Гильза защитная эск.3В-200х2 95Х18","ШТ",2,4285.29,8570.58,"450045, г. Уфа, ПАО АНК \"Башнефть\" \"Башнефть-Новойл\""]
["Гильзы","ПАО АНК \"Башнефть\" \"Башнефть-Новойл\"",3,62,"Гильза ч.710.06-02","ШТ",2,4706.6899999999996,9413.3799999999992,"450045, г. Уфа, ПАО АНК \"Башнефть\" \"Башнефть-Новойл\""]
["Гильзы","ПАО АНК \"Башнефть\" \"Башнефть-Новойл\"",3,63,"Гильза ч.Н12.100.01.105","ШТ",2,2500.94,5001.88,"450045, г. Уфа, ПАО АНК \"Башнефть\" \"Башнефть-Новойл\""]
["Гильзы","ПАО АНК \"Башнефть\" \"Башнефть-Новойл\"",3,64,"Гильза ч.Н12.100.01.105","ШТ",5,1714.06,8570.2999999999993,"450045, г. Уфа, ПАО АНК \"Башнефть\" \"Башнефть-Новойл\""]
["Гильзы","ПАО АНК \"Башнефть\" \"Башнефть-Новойл\"",3,65,"Гильза ч.Н12.100.01.105","ШТ",2,2606.85,{"$f":"G69*H69","v":5213.7},"450045, г. Уфа, ПАО АНК \"Башнефть\" \"Башнефть-Новойл\""]
["Гильзы","ПАО АНК \"Башнефть\" \"Башнефть-Новойл\"",3,66,"Гильза ч.Н12.100.01.106","ШТ",1,1273.28,1273.28,"450045, г. Уфа, ПАО АНК \"Башнефть\" \"Башнефть-Новойл\""]
["Гильзы","ПАО АНК \"Башнефть\" \"Башнефть-Новойл\"",3,67,"Гильза ч.Н12.100.01.106","ШТ",1,1273.28,1273.28,"450045, г. Уфа, ПАО АНК \"Башнефть\" \"Башнефть-Новойл\""]
["Гильзы","ПАО АНК \"Башнефть\" \"Башнефть-Новойл\"",3,68,"Х Гильза ч.710.57","ШТ",2,2436.77,4873.54,"450045, г. Уфа, ПАО АНК \"Башнефть\" \"Башнефть-Новойл\""]
["Гильзы","ПАО АНК \"Башнефть\" \"Башнефть-Новойл\"",3,69,"Х Гильза ч.710.57","ШТ",1,2399.7199999999998,2399.7199999999998,"450045, г. Уфа, ПАО АНК \"Башнефть\" \"Башнефть-Новойл\""]
["Гильзы","ПАО АНК \"Башнефть\" \"Башнефть-Новойл\"",3,70,"Х Гильза ч.710.57","ШТ",3,2412.34,7237.02,"450045, г. Уфа, ПАО АНК \"Башнефть\" \"Башнефть-Новойл\""]
["Грундбукса ","ПАО АНК \"Башнефть\" \"Башнефть-Новойл\"",4,71,"Грундбукса СЧ21-40 8НД6х1","ШТ",2,1862.97,3725.94,"450045, г. Уфа, ПАО АНК \"Башнефть\" \"Башнефть-Новойл\""]
["Грундбукса ","ПАО АНК \"Башнефть\" \"Башнефть-Новойл\"",4,72,"Грундбукса ч.2-0-7","ШТ",3,1517.51,4552.53,"450045, г. Уфа, ПАО АНК \"Башнефть\" \"Башнефть-Новойл\""]
["Грундбукса ","ПАО АНК \"Башнефть\" \"Башнефть-Новойл\"",4,73,"Грундбукса ч.33-0-27 40Х","ШТ",5,1254.2,6271,"450045, г. Уфа, ПАО АНК \"Башнефть\" \"Башнефть-Новойл\""]
["Грундбукса ","ПАО АНК \"Башнефть\" \"Башнефть-Новойл\"",4,74,"Грундбукса ч.726.29 40Х","ШТ",1,2026.84,2026.84,"450045, г. Уфа, ПАО АНК \"Башнефть\" \"Башнефть-Новойл\""]
["Грундбукса ","ПАО АНК \"Башнефть\" \"Башнефть-Новойл\"",4,75,"Грундбукса ч.726.37.01","ШТ",1,3618.8,3618.8,"450045, г. Уфа, ПАО АНК \"Башнефть\" \"Башнефть-Новойл\""]
["Грундбукса ","ПАО АНК \"Башнефть\" \"Башнефть-Новойл\"",4,76,"Грундбукса ч.726.43-02","ШТ",2,4506.05,9012.1,"450045, г. Уфа, ПАО АНК \"Башнефть\" \"Башнефть-Новойл\""]
["Грундбукса ","ПАО АНК \"Башнефть\" \"Башнефть-Новойл\"",4,77,"Грундбукса ч.726.43-02","ШТ",1,3918.84,3918.84,"450045, г. Уфа, ПАО АНК \"Башнефть\" \"Башнефть-Новойл\""]
["Грундбукса ","ПАО АНК \"Башнефть\" \"Башнефть-Новойл\"",4,78,"Грундбукса ч.726.44-02","ШТ",2,4023.23,8046.46,"450045, г. Уфа, ПАО АНК \"Башнефть\" \"Башнефть-Новойл\""]
["Грундбукса ","ПАО АНК \"Башнефть\" \"Башнефть-Новойл\"",4,79,"Грундбукса ч.726.44-02","ШТ",2,3498.94,6997.88,"450045, г. Уфа, ПАО АНК \"Башнефть\" \"Башнефть-Новойл\""]
["Грундбукса ","ПАО АНК \"Башнефть\" \"Башнефть-Новойл\"",4,80,"Грундбукса ч.Н1-0-8","ШТ",1,2191.13,2191.13,"450045, г. Уфа, ПАО АНК \"Башнефть\" \"Башнефть-Новойл\""]
["Грундбукса ","ПАО АНК \"Башнефть\" \"Башнефть-Новойл\"",4,81,"Грундбукса ч.Н1-0-9","ШТ",1,3264.17,3264.17,"450045, г. Уфа, ПАО АНК \"Башнефть\" \"Башнефть-Новойл\""]
["Грундбукса ","ПАО АНК \"Башнефть\" \"Башнефть-Новойл\"",4,82,"Грундбукса ч.Н1-0-9","ШТ",1,2457.35,2457.35,"450045, г. Уфа, ПАО АНК \"Башнефть\" \"Башнефть-Новойл\""]
["Грундбукса ","ПАО АНК \"Башнефть\" \"Башнефть-Новойл\"",4,83,"Х Грундбукса 31-04-11 СЧ32-52","ШТ",2,5319.74,10639.48,"450045, г. Уфа, ПАО АНК \"Башнефть\" \"Башнефть-Новойл\""]
["Грундбукса ","ПАО АНК \"Башнефть\" \"Башнефть-Новойл\"",4,84,"Х Грундбукса 31-04-12 СЧ32-52","ШТ",1,3177.31,3177.31,"450045, г. Уфа, ПАО АНК \"Башнефть\" \"Башнефть-Новойл\""]
["Грундбукса ","ПАО АНК \"Башнефть\" \"Башнефть-Новойл\"",4,85,"Грундбукса поз.1 к 90СД-2","ШТ",2,3353.41,6706.82,"450045, г. Уфа, ПАО АНК \"Башнефть\" \"Башнефть-Новойл\""]
["Грундбукса ","ПАО АНК \"Башнефть\" \"Башнефть-Новойл\"",4,86,"Грундбукса поз.1.1 к 52СД-Н","ШТ",2,6058.99,12117.98,"450045, г. Уфа, ПАО АНК \"Башнефть\" \"Башнефть-Новойл\""]
["Грундбукса ","ПАО АНК \"Башнефть\" \"Башнефть-Новойл\"",4,87,"Грундбукса поз.1.1 к 90СД-Н","ШТ",2,6160,12320,"450045, г. Уфа, ПАО АНК \"Башнефть\" \"Башнефть-Новойл\""]
["Грундбукса ","ПАО АНК \"Башнефть\" \"Башнефть-Новойл\"",4,88,"Грундбукса поз.11 к 90СД-Н","ШТ",2,3135.88,6271.76,"450045, г. Уфа, ПАО АНК \"Башнефть\" \"Башнефть-Новойл\""]
["Грундбукса ","ПАО АНК \"Башнефть\" \"Башнефть-Новойл\"",4,89,"Грундбукса поз.16 к 60СД-Н","ШТ",3,2154.2399999999998,6462.7199999999993,"450045, г. Уфа, ПАО АНК \"Башнефть\" \"Башнефть-Новойл\""]
["Грундбукса ","ПАО АНК \"Башнефть\" \"Башнефть-Новойл\"",4,90,"Грундбукса поз.16 к 90СД-Н","ШТ",2,4558.16,9116.32,"450045, г. Уфа, ПАО АНК \"Башнефть\" \"Башнефть-Новойл\""]
["Грундбукса ","ПАО АНК \"Башнефть\" \"Башнефть-Новойл\"",4,91,"Грундбукса поз.16 к 90СД-Н","ШТ",2,3964.15,7928.3,"450045, г. Уфа, ПАО АНК \"Башнефть\" \"Башнефть-Новойл\""]
["Грундбукса ","ПАО АНК \"Башнефть\" \"Башнефть-Новойл\"",4,92,"Грундбукса поз.2.2 к 40СД-Н","ШТ",2,4122.59,8245.18,"450045, г. Уфа, ПАО АНК \"Башнефть\" \"Башнефть-Новойл\""]
["Грундбукса ","ПАО АНК \"Башнефть\" \"Башнефть-Новойл\"",4,93,"Грундбукса поз.2.2 к 40СД-Н","ШТ",1,4740.34,4740.34,"450045, г. Уфа, ПАО АНК \"Башнефть\" \"Башнефть-Новойл\""]
["Грундбукса ","ПАО АНК \"Башнефть\" \"Башнефть-Новойл\"",4,94,"Грундбукса поз.25 к 90СД-2","ШТ",2,2653.78,5307.56,"450045, г. Уфа, ПАО АНК \"Башнефть\" \"Башнефть-Новойл\""]
["Грундбукса ","ПАО АНК \"Башнефть\" \"Башнефть-Новойл\"",4,95,"Грундбукса поз.6 к 40СД-Н","ШТ",8,4706.0200000000004,37648.160000000003,"450045, г. Уфа, ПАО АНК \"Башнефть\" \"Башнефть-Новойл\""]
["Грундбукса ","ПАО АНК \"Башнефть\" \"Башнефть-Новойл\"",4,96,"Грундбукса поз.6 к 40СД-Н","ШТ",1,5411.18,5411.18,"450045, г. Уфа, ПАО АНК \"Башнефть\" \"Башнефть-Новойл\""]
["Грундбукса ","ПАО АНК \"Башнефть\" \"Башнефть-Новойл\"",4,97,"Грундбукса РДКН.102.01.1-07 к 60СД-Н","ШТ",3,2571.59,7714.77,"450045, г. Уфа, ПАО АНК \"Башнефть\" \"Башнефть-Новойл\""]
["Колесо рабочее","ПАО АНК \"Башнефть\" \"Башнефть-Новойл\"",5,98,"Колесо рабочее БЭН-389/1","ШТ",2,55237.5,110475,"450045, г. Уфа, ПАО АНК \"Башнефть\" \"Башнефть-Новойл\""]
["Колесо рабочее","ПАО АНК \"Башнефть\" \"Башнефть-Новойл\"",5,99,"Колесо рабочее БЭН-389/1","ШТ",2,55237.5,110475,"450045, г. Уфа, ПАО АНК \"Башнефть\" \"Башнефть-Новойл\""]
["Колесо рабочее","ПАО АНК \"Башнефть\" \"Башнефть-Новойл\"",5,100,"Колесо рабочее ч.77-01-03 СЧ21-40","ШТ",1,20088.98,20088.98,"450045, г. Уфа, ПАО АНК \"Башнефть\" \"Башнефть-Новойл\""]
["Колесо рабочее","ПАО АНК \"Башнефть\" \"Башнефть-Новойл\"",5,101,"Колесо 292.11-01 для НКВ","ШТ",1,16093.01,16093.01,"450045, г. Уфа, ПАО АНК \"Башнефть\" \"Башнефть-Новойл\""]
["Колесо рабочее","ПАО АНК \"Башнефть\" \"Башнефть-Новойл\"",5,102,"Колесо 292.11-01 для НКВ","ШТ",1,15308.44,15308.44,"450045, г. Уфа, ПАО АНК \"Башнефть\" \"Башнефть-Новойл\""]
["Колесо рабочее","ПАО АНК \"Башнефть\" \"Башнефть-Новойл\"",5,103,"Колесо 292.11-01 для НКВ","ШТ",1,15859.72,15859.72,"450045, г. Уфа, ПАО АНК \"Башнефть\" \"Башнефть-Новойл\""]
["Колесо рабочее","ПАО АНК \"Башнефть\" \"Башнефть-Новойл\"",5,104,"Колесо винтовое ч.292.13-04 Ст20Х13","ШТ",1,15983.2,15983.2,"450045, г. Уфа, ПАО АНК \"Башнефть\" \"Башнефть-Новойл\""]
["Колесо рабочее","ПАО АНК \"Башнефть\" \"Башнефть-Новойл\"",5,105,"Колесо ДХМ 10023.00.011 к НВ","ШТ",1,7412.32,7412.32,"450045, г. Уфа, ПАО АНК \"Башнефть\" \"Башнефть-Новойл\""]
["Колесо рабочее","ПАО АНК \"Башнефть\" \"Башнефть-Новойл\"",5,106,"Колесо Н12.2.240.01.080 к 5Н5х4","ШТ",1,13016.96,13016.96,"450045, г. Уфа, ПАО АНК \"Башнефть\" \"Башнефть-Новойл\""]
["Колесо рабочее","ПАО АНК \"Башнефть\" \"Башнефть-Новойл\"",5,107,"Колесо Н12.2.240.01.080 к 5Н5х4","ШТ",1,12873.97,12873.97,"450045, г. Уфа, ПАО АНК \"Башнефть\" \"Башнефть-Новойл\""]
["Колесо рабочее","ПАО АНК \"Башнефть\" \"Башнефть-Новойл\"",5,108,"Колесо рабочее 1а НК200/120-120 эск.417","ШТ",4,1253.18,5012.72,"450045, г. Уфа, ПАО АНК \"Башнефть\" \"Башнефть-Новойл\""]
["Колесо рабочее","ПАО АНК \"Башнефть\" \"Башнефть-Новойл\"",5,109,"Колесо рабочее 1ст. ч.Г404-101","ШТ",1,59480.17,59480.17,"450045, г. Уфа, ПАО АНК \"Башнефть\" \"Башнефть-Новойл\""]
["Колесо рабочее","ПАО АНК \"Башнефть\" \"Башнефть-Новойл\"",5,110,"Колесо рабочее 2р. ч.579.01.03.050-01","ШТ",1,56439.67,56439.67,"450045, г. Уфа, ПАО АНК \"Башнефть\" \"Башнефть-Новойл\""]
["Колесо рабочее","ПАО АНК \"Башнефть\" \"Башнефть-Новойл\"",5,111,"Колесо рабочее 2р. ч.770.49","ШТ",1,23987.66,23987.66,"450045, г. Уфа, ПАО АНК \"Башнефть\" \"Башнефть-Новойл\""]
["Колесо рабочее","ПАО АНК \"Башнефть\" \"Башнефть-Новойл\"",5,112,"Колесо рабочее 424 к НК200/120-120","ШТ",6,1189.6199999999999,7137.7199999999993,"450045, г. Уфа, ПАО АНК \"Башнефть\" \"Башнефть-Новойл\""]
["Колесо рабочее","ПАО АНК \"Башнефть\" \"Башнефть-Новойл\"",5,113,"Колесо рабочее 770.148-01","ШТ",1,62007.91,62007.91,"450045, г. Уфа, ПАО АНК \"Башнефть\" \"Башнефть-Новойл\""]
["Колесо рабочее","ПАО АНК \"Башнефть\" \"Башнефть-Новойл\"",5,114,"Колесо рабочее 770.37 к НК200/120-210","ШТ",3,1159.1099999999999,3477.33,"450045, г. Уфа, ПАО АНК \"Башнефть\" \"Башнефть-Новойл\""]
["Колесо рабочее","ПАО АНК \"Башнефть\" \"Башнефть-Новойл\"",5,115,"Колесо рабочее ч.26.02.005 СЧ21-40","ШТ",1,20088.98,20088.98,"450045, г. Уфа, ПАО АНК \"Башнефть\" \"Башнефть-Новойл\""]
["Колесо рабочее","ПАО АНК \"Башнефть\" \"Башнефть-Новойл\"",5,116,"Колесо рабочее ч.33-1-3 СЧ21-40","ШТ",3,8818.15,26454.449999999997,"450045, г. Уфа, ПАО АНК \"Башнефть\" \"Башнефть-Новойл\""]
["Колесо рабочее","ПАО АНК \"Башнефть\" \"Башнефть-Новойл\"",5,117,"Колесо рабочее ч.38-1-51 СЧ21-40","ШТ",2,13016.76,26033.52,"450045, г. Уфа, ПАО АНК \"Башнефть\" \"Башнефть-Новойл\""]
["Колесо рабочее","ПАО АНК \"Башнефть\" \"Башнефть-Новойл\"",5,118,"Колесо рабочее ч.770.119-01","ШТ",1,30408.38,30408.38,"450045, г. Уфа, ПАО АНК \"Башнефть\" \"Башнефть-Новойл\""]
["Колесо рабочее","ПАО АНК \"Башнефть\" \"Башнефть-Новойл\"",5,119,"Колесо рабочее ч.770.73","ШТ",1,47983.85,47983.85,"450045, г. Уфа, ПАО АНК \"Башнефть\" \"Башнефть-Новойл\""]
["Колесо рабочее","ПАО АНК \"Башнефть\" \"Башнефть-Новойл\"",5,120,"Колесо рабочее ч.770.73","ШТ",1,49523.18,49523.18,"450045, г. Уфа, ПАО АНК \"Башнефть\" \"Башнефть-Новойл\""]
["Колесо рабочее","ПАО АНК \"Башнефть\" \"Башнефть-Новойл\"",5,121,"Колесо рабочее ч.77-01-03 СЧ21-40","ШТ",1,20088.98,20088.98,"450045, г. Уфа, ПАО АНК \"Башнефть\" \"Башнефть-Новойл\""]
["Колесо рабочее","ПАО АНК \"Башнефть\" \"Башнефть-Новойл\"",5,122,"Колесо рабочее ч.Г404-102 СЧ21-40","ШТ",3,8818.15,26454.449999999997,"450045, г. Уфа, ПАО АНК \"Башнефть\" \"Башнефть-Новойл\""]
["Кольца","ПАО АНК \"Башнефть\" \"Башнефть-Новойл\"",6,123,"Кольцо 1ЦГ100/80","ШТ",6,8259.7099999999991,49558.259999999995,"450045, г. Уфа, ПАО АНК \"Башнефть\" \"Башнефть-Новойл\""]
["Кольца","ПАО АНК \"Башнефть\" \"Башнефть-Новойл\"",6,124,"Кольцо 1ЦГ100/80","ШТ",6,8259.7099999999991,49558.259999999995,"450045, г. Уфа, ПАО АНК \"Башнефть\" \"Башнефть-Новойл\""]
["Кольца","ПАО АНК \"Башнефть\" \"Башнефть-Новойл\"",6,125,"Кольцо ВНГ 11.00.001 к ВНГ","ШТ",1,4408.2,4408.2,"450045, г. Уфа, ПАО АНК \"Башнефть\" \"Башнефть-Новойл\""]
["Кольца","ПАО АНК \"Башнефть\" \"Башнефть-Новойл\"",6,126,"Кольцо плавающее ч.725.17-03 40Х","ШТ",1,6437.23,6437.23,"450045, г. Уфа, ПАО АНК \"Башнефть\" \"Башнефть-Новойл\""]
["Кольца","ПАО АНК \"Башнефть\" \"Башнефть-Новойл\"",6,127,"Кольцо плавающее ч.725.64-03","ШТ",2,5325.16,10650.32,"450045, г. Уфа, ПАО АНК \"Башнефть\" \"Башнефть-Новойл\""]
["Кольца","ПАО АНК \"Башнефть\" \"Башнефть-Новойл\"",6,128,"Кольцо плавающее ч.725.66-05","ШТ",2,6882.97,13765.94,"450045, г. Уфа, ПАО АНК \"Башнефть\" \"Башнефть-Новойл\""]
["Кольца","ПАО АНК \"Башнефть\" \"Башнефть-Новойл\"",6,129,"Кольцо специальное ч.768.02","ШТ",2,1913.71,{"$f":"G133*H133","v":3827.42},"450045, г. Уфа, ПАО АНК \"Башнефть\" \"Башнефть-Новойл\""]
["Кольца","ПАО АНК \"Башнефть\" \"Башнефть-Новойл\"",6,130,"Кольцо уплотн.1р. ч.261.06 12Х18Н10Т","ШТ",14,9929.65,139015.1,"450045, г. Уфа, ПАО АНК \"Башнефть\" \"Башнефть-Новойл\""]
["Кольца","ПАО АНК \"Башнефть\" \"Башнефть-Новойл\"",6,131,"Кольцо уплотнительное ч.Н1-0-6","ШТ",2,1523.54,3047.08,"450045, г. Уфа, ПАО АНК \"Башнефть\" \"Башнефть-Новойл\""]
["Кольца","ПАО АНК \"Башнефть\" \"Башнефть-Новойл\"",6,132,"Кольцо уплотнительное ч.Н1-0-7","ШТ",2,1507.21,3014.42,"450045, г. Уфа, ПАО АНК \"Башнефть\" \"Башнефть-Новойл\""]
["Кольца","ПАО АНК \"Башнефть\" \"Башнефть-Новойл\"",6,133,"Кольцо уплотняющее ч.725.15","ШТ",1,5042.6899999999996,5042.6899999999996,"450045, г. Уфа, ПАО АНК \"Башнефть\" \"Башнефть-Новойл\""]
["Кольца","ПАО АНК \"Башнефть\" \"Башнефть-Новойл\"",6,134,"Кольцо уплотняющее ч.Н-0-10","ШТ",2,4312.8100000000004,8625.6200000000008,"450045, г. Уфа, ПАО АНК \"Башнефть\" \"Башнефть-Новойл\""]
["Кольца","ПАО АНК \"Башнефть\" \"Башнефть-Новойл\"",6,135,"Кольцо ч.022.028.36-2-3826","ШТ",2,132.08000000000001,264.16000000000003,"450045, г. Уфа, ПАО АНК \"Башнефть\" \"Башнефть-Новойл\""]
["Кольца","ПАО АНК \"Башнефть\" \"Башнефть-Новойл\"",6,136,"Кольцо 1ЦГ100/80","ШТ",6,8249.61,49497.66,"450045, г. Уфа, ПАО АНК \"Башнефть\" \"Башнефть-Новойл\""]
["Кольца","ПАО АНК \"Башнефть\" \"Башнефть-Новойл\"",6,137,"Кольцо 1ЦГ100/80","ШТ",6,5998.27,35989.620000000003,"450045, г. Уфа, ПАО АНК \"Башнефть\" \"Башнефть-Новойл\""]
["Кольца","ПАО АНК \"Башнефть\" \"Башнефть-Новойл\"",6,138,"Кольцо 1ЦГ25/80","ШТ",13,1452.82,18886.66,"450045, г. Уфа, ПАО АНК \"Башнефть\" \"Башнефть-Новойл\""]
["Кольца","ПАО АНК \"Башнефть\" \"Башнефть-Новойл\"",6,139,"Кольцо 22-1-3 40Х","ШТ",2,1723.48,3446.96,"450045, г. Уфа, ПАО АНК \"Башнефть\" \"Башнефть-Новойл\""]
["Кольца","ПАО АНК \"Башнефть\" \"Башнефть-Новойл\"",6,140,"Кольцо 8КЕ.216.515","ШТ",5,524.29999999999995,2621.5,"450045, г. Уфа, ПАО АНК \"Башнефть\" \"Башнефть-Новойл\""]
["Кольца","ПАО АНК \"Башнефть\" \"Башнефть-Новойл\"",6,141,"Кольцо O-Ring RVK 402700-Z80H","ШТ",2,58056.31,116112.62,"450045, г. Уфа, ПАО АНК \"Башнефть\" \"Башнефть-Новойл\""]
["Кольца","ПАО АНК \"Башнефть\" \"Башнефть-Новойл\"",6,142,"Кольцо БЭН-389/1","ШТ",6,999.67,5998.0199999999995,"450045, г. Уфа, ПАО АНК \"Башнефть\" \"Башнефть-Новойл\""]
["Кольца","ПАО АНК \"Башнефть\" \"Башнефть-Новойл\"",6,143,"Кольцо ВНГ 11.00.001 к ВНГ","ШТ",1,4408.2,4408.2,"450045, г. Уфа, ПАО АНК \"Башнефть\" \"Башнефть-Новойл\""]
["Кольца","ПАО АНК \"Башнефть\" \"Башнефть-Новойл\"",6,144,"Кольцо гидравл. пяты ч.К16.11.03.006 п.6","ШТ",1,2139.91,2139.91,"450045, г. Уфа, ПАО АНК \"Башнефть\" \"Башнефть-Новойл\""]
["Кольца","ПАО АНК \"Башнефть\" \"Башнефть-Новойл\"",6,145,"Кольцо гидравл. пяты ч.К16.11.03.007 п.7","ШТ",1,2139.91,2139.91,"450045, г. Уфа, ПАО АНК \"Башнефть\" \"Башнефть-Новойл\""]
["Кольца","ПАО АНК \"Башнефть\" \"Башнефть-Новойл\"",6,146,"Кольцо ГХ.711141.001","ШТ",12,2406.86,28882.32,"450045, г. Уфа, ПАО АНК \"Башнефть\" \"Башнефть-Новойл\""]
["Кольца","ПАО АНК \"Башнефть\" \"Башнефть-Новойл\"",6,147,"Кольцо для смазки 40Х по эскизу НХР","ШТ",4,153.80000000000001,615.20000000000005,"450045, г. Уфа, ПАО АНК \"Башнефть\" \"Башнефть-Новойл\""]
["Кольца","ПАО АНК \"Башнефть\" \"Башнефть-Новойл\"",6,148,"Кольцо ДХМ 10020.00.013","ШТ",2,1317.32,2634.64,"450045, г. Уфа, ПАО АНК \"Башнефть\" \"Башнефть-Новойл\""]
["Кольца","ПАО АНК \"Башнефть\" \"Башнефть-Новойл\"",6,149,"Кольцо защитное ч.26.02.2003 30Х13","ШТ",2,1807.7,3615.4,"450045, г. Уфа, ПАО АНК \"Башнефть\" \"Башнефть-Новойл\""]
["Кольца","ПАО АНК \"Башнефть\" \"Башнефть-Новойл\"",6,150,"Кольцо защитное ч.26.02.2007 30Х13","ШТ",2,1877.42,3754.84,"450045, г. Уфа, ПАО АНК \"Башнефть\" \"Башнефть-Новойл\""]
["Кольца","ПАО АНК \"Башнефть\" \"Башнефть-Новойл\"",6,151,"Кольцо защитное ч.26.02.2026 30Х13","ШТ",1,1729.77,1729.77,"450045, г. Уфа, ПАО АНК \"Башнефть\" \"Башнефть-Новойл\""]
["Кольца","ПАО АНК \"Башнефть\" \"Башнефть-Новойл\"",6,152,"Кольцо колеса рабочего ч.7-3-5","ШТ",2,11124.63,22249.26,"450045, г. Уфа, ПАО АНК \"Башнефть\" \"Башнефть-Новойл\""]
["Кольца","ПАО АНК \"Башнефть\" \"Башнефть-Новойл\"",6,153,"Кольцо колеса рабочего ч.Г-2356","ШТ",2,6271.75,12543.5,"450045, г. Уфа, ПАО АНК \"Башнефть\" \"Башнефть-Новойл\""]
["Кольца","ПАО АНК \"Башнефть\" \"Башнефть-Новойл\"",6,154,"Кольцо плавающее НКВ360/200","ШТ",2,960.14,1920.28,"450045, г. Уфа, ПАО АНК \"Башнефть\" \"Башнефть-Новойл\""]
["Кольца","ПАО АНК \"Башнефть\" \"Башнефть-Новойл\"",6,155,"Кольцо плавающее ч.725.110","ШТ",14,4244.6899999999996,59425.659999999996,"450045, г. Уфа, ПАО АНК \"Башнефть\" \"Башнефть-Новойл\""]
["Кольца","ПАО АНК \"Башнефть\" \"Башнефть-Новойл\"",6,156,"Кольцо плавающее ч.725.110-02","ШТ",4,8117.54,32470.16,"450045, г. Уфа, ПАО АНК \"Башнефть\" \"Башнефть-Новойл\""]
["Кольца","ПАО АНК \"Башнефть\" \"Башнефть-Новойл\"",6,157,"Кольцо плавающее ч.725.17-03 40Х","ШТ",4,6437.23,25748.92,"450045, г. Уфа, ПАО АНК \"Башнефть\" \"Башнефть-Новойл\""]
["Кольца","ПАО АНК \"Башнефть\" \"Башнефть-Новойл\"",6,158,"Кольцо плавающее ч.725.57-12","ШТ",4,5325.16,21300.639999999999,"450045, г. Уфа, ПАО АНК \"Башнефть\" \"Башнефть-Новойл\""]
["Кольца","ПАО АНК \"Башнефть\" \"Башнефть-Новойл\"",6,159,"Кольцо плавающее ч.725.64-03","ШТ",8,5325.16,42601.279999999999,"450045, г. Уфа, ПАО АНК \"Башнефть\" \"Башнефть-Новойл\""]
["Кольца","ПАО АНК \"Башнефть\" \"Башнефть-Новойл\"",6,160,"Кольцо плавающее ч.725.66-01","ШТ",4,6445.64,25782.560000000001,"450045, г. Уфа, ПАО АНК \"Башнефть\" \"Башнефть-Новойл\""]
["Кольца","ПАО АНК \"Башнефть\" \"Башнефть-Новойл\"",6,161,"Кольцо плавающее ч.725.66-04","ШТ",9,5689.85,51208.65,"450045, г. Уфа, ПАО АНК \"Башнефть\" \"Башнефть-Новойл\""]
["Кольца","ПАО АНК \"Башнефть\" \"Башнефть-Новойл\"",6,162,"Кольцо плавающее ч.725.66-05","ШТ",4,3811.2,15244.8,"450045, г. Уфа, ПАО АНК \"Башнефть\" \"Башнефть-Новойл\""]
["Кольца","ПАО АНК \"Башнефть\" \"Башнефть-Новойл\"",6,163,"Кольцо плавающее ч.725.66-05","ШТ",4,6882.97,27531.88,"450045, г. Уфа, ПАО АНК \"Башнефть\" \"Башнефть-Новойл\""]
["Кольца","ПАО АНК \"Башнефть\" \"Башнефть-Новойл\"",6,164,"Кольцо плавающее ч.725.66-05","ШТ",1,7852.43,7852.43,"450045, г. Уфа, ПАО АНК \"Башнефть\" \"Башнефть-Новойл\""]
["Кольца","ПАО АНК \"Башнефть\" \"Башнефть-Новойл\"",6,165,"Кольцо пружинное 4.256.089","ШТ",10,1009.15,10091.5,"450045, г. Уфа, ПАО АНК \"Башнефть\" \"Башнефть-Новойл\""]
["Кольца","ПАО АНК \"Башнефть\" \"Башнефть-Новойл\"",6,166,"Кольцо разгрузки Ч МС-30-0113","ШТ",2,1770.09,3540.18,"450045, г. Уфа, ПАО АНК \"Башнефть\" \"Башнефть-Новойл\""]
["Кольца","ПАО АНК \"Башнефть\" \"Башнефть-Новойл\"",6,167,"Кольцо разгрузки Ч МС-30-0113","ШТ",2,1638.16,3276.32,"450045, г. Уфа, ПАО АНК \"Башнефть\" \"Башнефть-Новойл\""]
["Кольца","ПАО АНК \"Башнефть\" \"Башнефть-Новойл\"",6,168,"Кольцо регулировочное МС-30-0147","ШТ",1,1521.98,1521.98,"450045, г. Уфа, ПАО АНК \"Башнефть\" \"Башнефть-Новойл\""]
["Кольца","ПАО АНК \"Башнефть\" \"Башнефть-Новойл\"",6,169,"Кольцо специальное ч.768.02","ШТ",2,1913.71,3827.42,"450045, г. Уфа, ПАО АНК \"Башнефть\" \"Башнефть-Новойл\""]
["Кольца","ПАО АНК \"Башнефть\" \"Башнефть-Новойл\"",6,170,"Кольцо стопорное ч.758.00","ШТ",2,2079.46,4158.92,"450045, г. Уфа, ПАО АНК \"Башнефть\" \"Башнефть-Новойл\""]
["Кольца","ПАО АНК \"Башнефть\" \"Башнефть-Новойл\"",6,171,"Кольцо уплот. ч.К16.11.03.017 поз.17","ШТ",2,1485.32,2970.64,"450045, г. Уфа, ПАО АНК \"Башнефть\" \"Башнефть-Новойл\""]
["Кольца","ПАО АНК \"Башнефть\" \"Башнефть-Новойл\"",6,172,"Кольцо уплотн.1р. ч.261.06 12Х18Н10Т","ШТ",10,9929.65,99296.5,"450045, г. Уфа, ПАО АНК \"Башнефть\" \"Башнефть-Новойл\""]
["Кольца","ПАО АНК \"Башнефть\" \"Башнефть-Новойл\"",6,173,"Кольцо уплотнительное 1ст. ч.237-00-02","ШТ",4,1901.78,7607.12,"450045, г. Уфа, ПАО АНК \"Башнефть\" \"Башнефть-Новойл\""]
["Кольца","ПАО АНК \"Башнефть\" \"Башнефть-Новойл\"",6,174,"Кольцо уплотнительное Ametek 100-1911","ШТ",150,3841.35,576202.5,"450045, г. Уфа, ПАО АНК \"Башнефть\" \"Башнефть-Новойл\""]
["Кольца","ПАО АНК \"Башнефть\" \"Башнефть-Новойл\"",6,175,"Кольцо уплотнительное ч.10616/ЦН","ШТ",2,10775.39,21550.78,"450045, г. Уфа, ПАО АНК \"Башнефть\" \"Башнефть-Новойл\""]
["Кольца","ПАО АНК \"Башнефть\" \"Башнефть-Новойл\"",6,176,"Кольцо уплотнительное ч.16-003-03","ШТ",2,10775.39,21550.78,"450045, г. Уфа, ПАО АНК \"Башнефть\" \"Башнефть-Новойл\""]
["Кольца","ПАО АНК \"Башнефть\" \"Башнефть-Новойл\"",6,177,"Кольцо уплотнительное ч.237-00-03","ШТ",4,1655.97,6623.88,"450045, г. Уфа, ПАО АНК \"Башнефть\" \"Башнефть-Новойл\""]
["Кольца","ПАО АНК \"Башнефть\" \"Башнефть-Новойл\"",6,178,"Кольцо уплотнительное ч.Н1-0-6","ШТ",3,1523.54,4570.62,"450045, г. Уфа, ПАО АНК \"Башнефть\" \"Башнефть-Новойл\""]
["Кольца","ПАО АНК \"Башнефть\" \"Башнефть-Новойл\"",6,179,"Кольцо уплотнительное ч.Н1-0-7","ШТ",4,1507.21,6028.84,"450045, г. Уфа, ПАО АНК \"Башнефть\" \"Башнефть-Новойл\""]
["Кольца","ПАО АНК \"Башнефть\" \"Башнефть-Новойл\"",6,180,"Кольцо уплотняющ. ч.725.176-02 12Х18Н10Т","ШТ",2,7959.37,15918.74,"450045, г. Уфа, ПАО АНК \"Башнефть\" \"Башнефть-Новойл\""]
["Кольца","ПАО АНК \"Башнефть\" \"Башнефть-Новойл\"",6,181,"Кольцо уплотняющ.ч.725.176-05 95Х18","ШТ",2,3801.5,7603,"450045, г. Уфа, ПАО АНК \"Башнефть\" \"Башнефть-Новойл\""]
["Кольца","ПАО АНК \"Башнефть\" \"Башнефть-Новойл\"",6,182,"Кольцо уплотняющее 1р. ч.727.01","ШТ",18,4244.7700000000004,76405.860000000015,"450045, г. Уфа, ПАО АНК \"Башнефть\" \"Башнефть-Новойл\""]
["Кольца","ПАО АНК \"Башнефть\" \"Башнефть-Новойл\"",6,183,"Кольцо уплотняющее 1р. ч.727.01","ШТ",1,4126.91,4126.91,"450045, г. Уфа, ПАО АНК \"Башнефть\" \"Башнефть-Новойл\""]
["Кольца","ПАО АНК \"Башнефть\" \"Башнефть-Новойл\"",6,184,"Кольцо уплотняющее 1р. ч.727.01","ШТ",1,4208.2700000000004,4208.2700000000004,"450045, г. Уфа, ПАО АНК \"Башнефть\" \"Башнефть-Новойл\""]
["Кольца","ПАО АНК \"Башнефть\" \"Башнефть-Новойл\"",6,185,"Кольцо уплотняющее 1р. ч.727.01","ШТ",16,4244.7700000000004,67916.320000000007,"450045, г. Уфа, ПАО АНК \"Башнефть\" \"Башнефть-Новойл\""]
["Кольца","ПАО АНК \"Башнефть\" \"Башнефть-Новойл\"",6,186,"Кольцо уплотняющее 1р. ч.727.01-02","ШТ",16,8328.65,133258.4,"450045, г. Уфа, ПАО АНК \"Башнефть\" \"Башнефть-Новойл\""]
["Кольца","ПАО АНК \"Башнефть\" \"Башнефть-Новойл\"",6,187,"Кольцо уплотняющее 1р. ч.727.01-02","ШТ",4,9437.2900000000009,37749.160000000003,"450045, г. Уфа, ПАО АНК \"Башнефть\" \"Башнефть-Новойл\""]
["Кольца","ПАО АНК \"Башнефть\" \"Башнефть-Новойл\"",6,188,"Кольцо уплотняющее 2р. ч.725.43","ШТ",6,5042.6899999999996,30256.14,"450045, г. Уфа, ПАО АНК \"Башнефть\" \"Башнефть-Новойл\""]
["Кольца","ПАО АНК \"Башнефть\" \"Башнефть-Новойл\"",6,189,"Кольцо уплотняющее 727.00","ШТ",1,5414.9,5414.9,"450045, г. Уфа, ПАО АНК \"Башнефть\" \"Башнефть-Новойл\""]
["Кольца","ПАО АНК \"Башнефть\" \"Башнефть-Новойл\"",6,190,"Кольцо уплотняющее Н12.100.01.005-03","ШТ",4,4122.0200000000004,16488.080000000002,"450045, г. Уфа, ПАО АНК \"Башнефть\" \"Башнефть-Новойл\""]
["Кольца","ПАО АНК \"Башнефть\" \"Башнефть-Новойл\"",6,191,"Кольцо уплотняющее Н12.100.01.005-03","ШТ",1,4605.0200000000004,4605.0200000000004,"450045, г. Уфа, ПАО АНК \"Башнефть\" \"Башнефть-Новойл\""]
["Кольца","ПАО АНК \"Башнефть\" \"Башнефть-Новойл\"",6,192,"Кольцо уплотняющее Н12.100.01.019-01","ШТ",4,1506.52,6026.08,"450045, г. Уфа, ПАО АНК \"Башнефть\" \"Башнефть-Новойл\""]
["Кольца","ПАО АНК \"Башнефть\" \"Башнефть-Новойл\"",6,193,"Кольцо уплотняющее Х-0-9а СЧ32-58","ШТ",2,5500.49,{"$f":"G197*H197","v":11000.98},"450045, г. Уфа, ПАО АНК \"Башнефть\" \"Башнефть-Новойл\""]
["Кольца","ПАО АНК \"Башнефть\" \"Башнефть-Новойл\"",6,194,"Кольцо уплотняющее ч.237-00-01","ШТ",3,4709.17,14127.51,"450045, г. Уфа, ПАО АНК \"Башнефть\" \"Башнефть-Новойл\""]
["Кольца","ПАО АНК \"Башнефть\" \"Башнефть-Новойл\"",6,195,"Кольцо уплотняющее ч.26.01.2002 30Х13","ШТ",4,6074.18,24296.720000000001,"450045, г. Уфа, ПАО АНК \"Башнефть\" \"Башнефть-Новойл\""]
["Кольца","ПАО АНК \"Башнефть\" \"Башнефть-Новойл\"",6,196,"Кольцо уплотняющее ч.26.01.2025 30Х13","ШТ",4,5075.4799999999996,20301.919999999998,"450045, г. Уфа, ПАО АНК \"Башнефть\" \"Башнефть-Новойл\""]
["Кольца","ПАО АНК \"Башнефть\" \"Башнефть-Новойл\"",6,197,"Кольцо уплотняющее ч.261.41 95Х18","ШТ",8,3058.49,24467.919999999998,"450045, г. Уфа, ПАО АНК \"Башнефть\" \"Башнефть-Новойл\""]
["Кольца","ПАО АНК \"Башнефть\" \"Башнефть-Новойл\"",6,198,"Кольцо уплотняющее ч.261.41-01 95Х18","ШТ",4,3299.26,13197.04,"450045, г. Уфа, ПАО АНК \"Башнефть\" \"Башнефть-Новойл\""]
["Кольца","ПАО АНК \"Башнефть\" \"Башнефть-Новойл\"",6,199,"Кольцо уплотняющее ч.261.78","ШТ",1,5115.9799999999996,5115.9799999999996,"450045, г. Уфа, ПАО АНК \"Башнефть\" \"Башнефть-Новойл\""]
["Кольца","ПАО АНК \"Башнефть\" \"Башнефть-Новойл\"",6,200,"Кольцо уплотняющее ч.261.79","ШТ",2,4065.84,8131.68,"450045, г. Уфа, ПАО АНК \"Башнефть\" \"Башнефть-Новойл\""]
["Кольца","ПАО АНК \"Башнефть\" \"Башнефть-Новойл\"",6,201,"Кольцо уплотняющее ч.725.00-08","ШТ",10,5325.16,53251.6,"450045, г. Уфа, ПАО АНК \"Башнефть\" \"Башнефть-Новойл\""]
["Кольца","ПАО АНК \"Башнефть\" \"Башнефть-Новойл\"",6,202,"Кольцо уплотняющее ч.725.113-02","ШТ",16,4244.6899999999996,67915.039999999994,"450045, г. Уфа, ПАО АНК \"Башнефть\" \"Башнефть-Новойл\""]
["Кольца","ПАО АНК \"Башнефть\" \"Башнефть-Новойл\"",6,203,"Кольцо уплотняющее ч.725.13","ШТ",2,5042.6899999999996,10085.379999999999,"450045, г. Уфа, ПАО АНК \"Башнефть\" \"Башнефть-Новойл\""]
["Кольца","ПАО АНК \"Башнефть\" \"Башнефть-Новойл\"",6,204,"Кольцо уплотняющее ч.725.15","ШТ",6,5042.6899999999996,30256.14,"450045, г. Уфа, ПАО АНК \"Башнефть\" \"Башнефть-Новойл\""]
["Кольца","ПАО АНК \"Башнефть\" \"Башнефть-Новойл\"",6,205,"Кольцо уплотняющее ч.725.270","ШТ",16,4671.97,74751.520000000004,"450045, г. Уфа, ПАО АНК \"Башнефть\" \"Башнефть-Новойл\""]
["Кольца","ПАО АНК \"Башнефть\" \"Башнефть-Новойл\"",6,206,"Кольцо уплотняющее ч.725.270-01","ШТ",4,6224.98,24899.919999999998,"450045, г. Уфа, ПАО АНК \"Башнефть\" \"Башнефть-Новойл\""]
["Кольца","ПАО АНК \"Башнефть\" \"Башнефть-Новойл\"",6,207,"Кольцо уплотняющее ч.725.270-01","ШТ",1,6207.05,6207.05,"450045, г. Уфа, ПАО АНК \"Башнефть\" \"Башнефть-Новойл\""]
["Кольца","ПАО АНК \"Башнефть\" \"Башнефть-Новойл\"",6,208,"Кольцо уплотняющее ч.727.00-01","ШТ",9,4939.28,44453.52,"450045, г. Уфа, ПАО АНК \"Башнефть\" \"Башнефть-Новойл\""]
["Кольца","ПАО АНК \"Башнефть\" \"Башнефть-Новойл\"",6,209,"Кольцо уплотняющее ч.727.03","ШТ",4,3967.52,15870.08,"450045, г. Уфа, ПАО АНК \"Башнефть\" \"Башнефть-Новойл\""]
["Кольца","ПАО АНК \"Башнефть\" \"Башнефть-Новойл\"",6,210,"Кольцо уплотняющее ч.727.24","ШТ",2,3167.34,6334.68,"450045, г. Уфа, ПАО АНК \"Башнефть\" \"Башнефть-Новойл\""]
["Кольца","ПАО АНК \"Башнефть\" \"Башнефть-Новойл\"",6,211,"Кольцо уплотняющее ч.727.48-02","ШТ",2,7705.21,15410.42,"450045, г. Уфа, ПАО АНК \"Башнефть\" \"Башнефть-Новойл\""]
["Кольца","ПАО АНК \"Башнефть\" \"Башнефть-Новойл\"",6,212,"Кольцо уплотняющее ч.727.49-02","ШТ",1,9693.77,9693.77,"450045, г. Уфа, ПАО АНК \"Башнефть\" \"Башнефть-Новойл\""]
["Кольца","ПАО АНК \"Башнефть\" \"Башнефть-Новойл\"",6,213,"Кольцо уплотняющее ч.727.50-02","ШТ",1,6710.93,6710.93,"450045, г. Уфа, ПАО АНК \"Башнефть\" \"Башнефть-Новойл\""]
["Кольца","ПАО АНК \"Башнефть\" \"Башнефть-Новойл\"",6,214,"Кольцо уплотняющее ч.727.50-02","ШТ",1,7656.16,7656.16,"450045, г. Уфа, ПАО АНК \"Башнефть\" \"Башнефть-Новойл\""]
["Кольца","ПАО АНК \"Башнефть\" \"Башнефть-Новойл\"",6,215,"Кольцо уплотняющее ч.К16.11.03.014 п.14","ШТ",2,1266.58,2533.16,"450045, г. Уфа, ПАО АНК \"Башнефть\" \"Башнефть-Новойл\""]
["Кольца","ПАО АНК \"Башнефть\" \"Башнефть-Новойл\"",6,216,"Кольцо уплотняющее ч.Н-0-10","ШТ",2,4312.8100000000004,8625.6200000000008,"450045, г. Уфа, ПАО АНК \"Башнефть\" \"Башнефть-Новойл\""]
["Кольца","ПАО АНК \"Башнефть\" \"Башнефть-Новойл\"",6,217,"Кольцо уплотняющее ч.Н1-0-11","ШТ",1,3213.18,3213.18,"450045, г. Уфа, ПАО АНК \"Башнефть\" \"Башнефть-Новойл\""]
["Кольца","ПАО АНК \"Башнефть\" \"Башнефть-Новойл\"",6,218,"Кольцо уплотняющее ч.Н1-0-11","ШТ",1,3225.71,3225.71,"450045, г. Уфа, ПАО АНК \"Башнефть\" \"Башнефть-Новойл\""]
["Кольца","ПАО АНК \"Башнефть\" \"Башнефть-Новойл\"",6,219,"Кольцо уплотняющее ч.Н1-0-11","ШТ",1,3250.9,3250.9,"450045, г. Уфа, ПАО АНК \"Башнефть\" \"Башнефть-Новойл\""]
["Кольца","ПАО АНК \"Башнефть\" \"Башнефть-Новойл\"",6,220,"Кольцо уплотняющее ч.Н1-0-12","ШТ",1,3250.9,3250.9,"450045, г. Уфа, ПАО АНК \"Башнефть\" \"Башнефть-Новойл\""]
["Кольца","ПАО АНК \"Башнефть\" \"Башнефть-Новойл\"",6,221,"Кольцо уплотняющее ч.Н1-0-12","ШТ",1,3225.71,3225.71,"450045, г. Уфа, ПАО АНК \"Башнефть\" \"Башнефть-Новойл\""]
["Кольца","ПАО АНК \"Башнефть\" \"Башнефть-Новойл\"",6,222,"Кольцо уплотняющее ч.Н1-0-12","ШТ",1,3213.18,3213.18,"450045, г. Уфа, ПАО АНК \"Башнефть\" \"Башнефть-Новойл\""]
["Кольца","ПАО АНК \"Башнефть\" \"Башнефть-Новойл\"",6,223,"Кольцо уплотняющее ч.Н12.100.01.113-01","ШТ",4,2234.9699999999998,8939.8799999999992,"450045, г. Уфа, ПАО АНК \"Башнефть\" \"Башнефть-Новойл\""]
["Кольца","ПАО АНК \"Башнефть\" \"Башнефть-Новойл\"",6,224,"Кольцо уплотняющее ч.Н12.100.01.113-01","ШТ",4,2177.38,8709.52,"450045, г. Уфа, ПАО АНК \"Башнефть\" \"Башнефть-Новойл\""]
["Кольца","ПАО АНК \"Башнефть\" \"Башнефть-Новойл\"",6,225,"Кольцо уплотняющее ч.Н12.100.01.113-01","ШТ",4,2229.8200000000002,8919.2800000000007,"450045, г. Уфа, ПАО АНК \"Башнефть\" \"Башнефть-Новойл\""]
["Кольца","ПАО АНК \"Башнефть\" \"Башнефть-Новойл\"",6,226,"Кольцо уплотняющее ч.Н12.100.01.132","ШТ",1,1217.33,1217.33,"450045, г. Уфа, ПАО АНК \"Башнефть\" \"Башнефть-Новойл\""]
["Кольца","ПАО АНК \"Башнефть\" \"Башнефть-Новойл\"",6,227,"Кольцо уплотняющее ч.Н12.100.01.211","ШТ",1,1575.43,1575.43,"450045, г. Уфа, ПАО АНК \"Башнефть\" \"Башнефть-Новойл\""]
["Кольца","ПАО АНК \"Башнефть\" \"Башнефть-Новойл\"",6,228,"Кольцо уплотняющее ч.Н12.100.01.211","ШТ",5,1551.49,7757.45,"450045, г. Уфа, ПАО АНК \"Башнефть\" \"Башнефть-Новойл\""]
["Кольца","ПАО АНК \"Башнефть\" \"Башнефть-Новойл\"",6,229,"Кольцо уплотняющее ч.Н12.100.01.211","ШТ",6,1575.43,9452.58,"450045, г. Уфа, ПАО АНК \"Башнефть\" \"Башнефть-Новойл\""]
["Кольца","ПАО АНК \"Башнефть\" \"Башнефть-Новойл\"",6,230,"Кольцо уплотняющее ч.Н12.100.01.211","ШТ",9,1629.7,14667.300000000001,"450045, г. Уфа, ПАО АНК \"Башнефть\" \"Башнефть-Новойл\""]
["Кольца","ПАО АНК \"Башнефть\" \"Башнефть-Новойл\"",6,231,"Кольцо уплотняющее ч.Я4006","ШТ",2,2647.45,5294.9,"450045, г. Уфа, ПАО АНК \"Башнефть\" \"Башнефть-Новойл\""]
["Кольца","ПАО АНК \"Башнефть\" \"Башнефть-Новойл\"",6,232,"Кольцо упорное 2р. ч.728.05-07","ШТ",1,2113.38,2113.38,"450045, г. Уфа, ПАО АНК \"Башнефть\" \"Башнефть-Новойл\""]
["Кольца","ПАО АНК \"Башнефть\" \"Башнефть-Новойл\"",6,233,"Кольцо упорное 2р. ч.728.05-10","ШТ",1,2171.29,2171.29,"450045, г. Уфа, ПАО АНК \"Башнефть\" \"Башнефть-Новойл\""]
["Кольца","ПАО АНК \"Башнефть\" \"Башнефть-Новойл\"",6,234,"Кольцо упорное 728.04-03 НК","ШТ",1,3659.33,3659.33,"450045, г. Уфа, ПАО АНК \"Башнефть\" \"Башнефть-Новойл\""]
["Кольца","ПАО АНК \"Башнефть\" \"Башнефть-Новойл\"",6,235,"Кольцо упорное ч.258-05-01","ШТ",10,111.33,1113.3,"450045, г. Уфа, ПАО АНК \"Башнефть\" \"Башнефть-Новойл\""]
["Кольца","ПАО АНК \"Башнефть\" \"Башнефть-Новойл\"",6,236,"Кольцо ч.022.028.36-2-3826","ШТ",2,132.08000000000001,264.16000000000003,"450045, г. Уфа, ПАО АНК \"Башнефть\" \"Башнефть-Новойл\""]
["Кольца","ПАО АНК \"Башнефть\" \"Башнефть-Новойл\"",6,237,"Кольцо ч.768.03","ШТ",2,1742.03,3484.06,"450045, г. Уфа, ПАО АНК \"Башнефть\" \"Башнефть-Новойл\""]
["Крепежные изделия","ПАО АНК \"Башнефть\" \"Башнефть-Новойл\"",7,238,"Гайка вала ч.780.01-01","ШТ",1,1821.92,1821.92,"450045, г. Уфа, ПАО АНК \"Башнефть\" \"Башнефть-Новойл\""]
["Крепежные изделия","ПАО АНК \"Башнефть\" \"Башнефть-Новойл\"",7,239,"Гайка вала ч.780.01-02 45Х14Н14В2М","ШТ",1,4874.2299999999996,4874.2299999999996,"450045, г. Уфа, ПАО АНК \"Башнефть\" \"Башнефть-Новойл\""]
["Крепежные изделия","ПАО АНК \"Башнефть\" \"Башнефть-Новойл\"",7,240,"Гайка колеса рабочего ч.210.01.03.004-01","ШТ",5,1065.58,5327.9,"450045, г. Уфа, ПАО АНК \"Башнефть\" \"Башнефть-Новойл\""]
["Крепежные изделия","ПАО АНК \"Башнефть\" \"Башнефть-Новойл\"",7,241,"Гайка ч.780.70-01","ШТ",1,1346.83,1346.83,"450045, г. Уфа, ПАО АНК \"Башнефть\" \"Башнефть-Новойл\""]
["Крепежные изделия","ПАО АНК \"Башнефть\" \"Башнефть-Новойл\"",7,242,"Винт зажимной М12-050 5.64111.20.00.Z","ШТ",6,510.3,3061.8,"450045, г. Уфа, ПАО АНК \"Башнефть\" \"Башнефть-Новойл\""]
["Крепежные изделия","ПАО АНК \"Башнефть\" \"Башнефть-Новойл\"",7,243,"Вкладыш","ШТ",12,11261.38,135136.56,"450045, г. Уфа, ПАО АНК \"Башнефть\" \"Башнефть-Новойл\""]
["Крепежные изделия","ПАО АНК \"Башнефть\" \"Башнефть-Новойл\"",7,244,"Гайка вала ч.780.01-01","ШТ",2,2245.3000000000002,4490.6000000000004,"450045, г. Уфа, ПАО АНК \"Башнефть\" \"Башнефть-Новойл\""]
["Крепежные изделия","ПАО АНК \"Башнефть\" \"Башнефть-Новойл\"",7,245,"Гайка вала ч.780.01-01","ШТ",2,1878.82,3757.64,"450045, г. Уфа, ПАО АНК \"Башнефть\" \"Башнефть-Новойл\""]
["Крепежные изделия","ПАО АНК \"Башнефть\" \"Башнефть-Новойл\"",7,246,"Гайка вала ч.780.01-01","ШТ",4,2301.23,9204.92,"450045, г. Уфа, ПАО АНК \"Башнефть\" \"Башнефть-Новойл\""]
["Крепежные изделия","ПАО АНК \"Башнефть\" \"Башнефть-Новойл\"",7,247,"Гайка вала ч.780.01-01","ШТ",3,1821.92,5465.76,"450045, г. Уфа, ПАО АНК \"Башнефть\" \"Башнефть-Новойл\""]
["Крепежные изделия","ПАО АНК \"Башнефть\" \"Башнефть-Новойл\"",7,248,"Гайка вала ч.780.01-01","ШТ",2,1952.69,3905.38,"450045, г. Уфа, ПАО АНК \"Башнефть\" \"Башнефть-Новойл\""]
["Крепежные изделия","ПАО АНК \"Башнефть\" \"Башнефть-Новойл\"",7,249,"Гайка вала ч.780.01-02 45Х14Н14В2М","ШТ",1,4874.2299999999996,4874.2299999999996,"450045, г. Уфа, ПАО АНК \"Башнефть\" \"Башнефть-Новойл\""]
["Крепежные изделия","ПАО АНК \"Башнефть\" \"Башнефть-Новойл\"",7,250,"Гайка вала ч.780.62-01","ШТ",2,1653.01,3306.02,"450045, г. Уфа, ПАО АНК \"Башнефть\" \"Башнефть-Новойл\""]
["Крепежные изделия","ПАО АНК \"Башнефть\" \"Башнефть-Новойл\"",7,251,"Гайка вала ч.780.62-01","ШТ",1,1590.47,1590.47,"450045, г. Уфа, ПАО АНК \"Башнефть\" \"Башнефть-Новойл\""]
["Крепежные изделия","ПАО АНК \"Башнефть\" \"Башнефть-Новойл\"",7,252,"Гайка вала ч.780.62-01","ШТ",4,1653.01,6612.04,"450045, г. Уфа, ПАО АНК \"Башнефть\" \"Башнефть-Новойл\""]
["Крепежные изделия","ПАО АНК \"Башнефть\" \"Башнефть-Новойл\"",7,253,"Гайка вала ч.780.70","ШТ",5,1270.94,6354.7000000000007,"450045, г. Уфа, ПАО АНК \"Башнефть\" \"Башнефть-Новойл\""]
["Крепежные изделия","ПАО АНК \"Башнефть\" \"Башнефть-Новойл\"",7,254,"Гайка колеса рабочего ч.210.01.03.004","ШТ",1,754.19,754.19,"450045, г. Уфа, ПАО АНК \"Башнефть\" \"Башнефть-Новойл\""]
["Крепежные изделия","ПАО АНК \"Башнефть\" \"Башнефть-Новойл\"",7,255,"Гайка колеса рабочего ч.210.01.03.004-01","ШТ",4,1011.8,4047.2,"450045, г. Уфа, ПАО АНК \"Башнефть\" \"Башнефть-Новойл\""]
["Крепежные изделия","ПАО АНК \"Башнефть\" \"Башнефть-Новойл\"",7,256,"Гайка колеса рабочего ч.210.01.03.004-01","ШТ",8,1065.58,8524.64,"450045, г. Уфа, ПАО АНК \"Башнефть\" \"Башнефть-Новойл\""]
["Крепежные изделия","ПАО АНК \"Башнефть\" \"Башнефть-Новойл\"",7,257,"Гайка колеса рабочего ч.210.01.03.004-01","ШТ",10,1011.8,{"$f":"G261*H261","v":10118},"450045, г. Уфа, ПАО АНК \"Башнефть\" \"Башнефть-Новойл\""]
["Крепежные изделия","ПАО АНК \"Башнефть\" \"Башнефть-Новойл\"",7,258,"Гайка колпачковая НТК43-7-04","ШТ",4,703.48,2813.92,"450045, г. Уфа, ПАО АНК \"Башнефть\" \"Башнефть-Новойл\""]
["Крепежные изделия","ПАО АНК \"Башнефть\" \"Башнефть-Новойл\"",7,259,"Гайка крейцкопфа Н466-2-5","ШТ",8,2630.69,21045.52,"450045, г. Уфа, ПАО АНК \"Башнефть\" \"Башнефть-Новойл\""]
["Крепежные изделия","ПАО АНК \"Башнефть\" \"Башнефть-Новойл\"",7,260,"Гайка крейцкопфа Н466-2-5","ШТ",4,1969.2,7876.8,"450045, г. Уфа, ПАО АНК \"Башнефть\" \"Башнефть-Новойл\""]
["Крепежные изделия","ПАО АНК \"Башнефть\" \"Башнефть-Новойл\"",7,261,"Гайка МС-30М-0134","ШТ",2,344.99,689.98,"450045, г. Уфа, ПАО АНК \"Башнефть\" \"Башнефть-Новойл\""]
["Крепежные изделия","ПАО АНК \"Башнефть\" \"Башнефть-Новойл\"",7,262,"Гайка стопорная Г16.11.02.922-1","ШТ",1,1251.98,1251.98,"450045, г. Уфа, ПАО АНК \"Башнефть\" \"Башнефть-Новойл\""]
["Крепежные изделия","ПАО АНК \"Башнефть\" \"Башнефть-Новойл\"",7,263,"Гайка стопорная ч.922","ШТ",4,1044.6099999999999,4178.4399999999996,"450045, г. Уфа, ПАО АНК \"Башнефть\" \"Башнефть-Новойл\""]
["Крепежные изделия","ПАО АНК \"Башнефть\" \"Башнефть-Новойл\"",7,264,"Гайка стопорная ч.922","ШТ",4,1119.5899999999999,4478.3599999999997,"450045, г. Уфа, ПАО АНК \"Башнефть\" \"Башнефть-Новойл\""]
["Крепежные изделия","ПАО АНК \"Башнефть\" \"Башнефть-Новойл\"",7,265,"Гайка стопорная ч.922","ШТ",3,1179.0999999999999,3537.2999999999997,"450045, г. Уфа, ПАО АНК \"Башнефть\" \"Башнефть-Новойл\""]
["Крепежные изделия","ПАО АНК \"Башнефть\" \"Башнефть-Новойл\"",7,266,"Гайка стопорная ч.922","ШТ",2,1179.0999999999999,2358.1999999999998,"450045, г. Уфа, ПАО АНК \"Башнефть\" \"Башнефть-Новойл\""]
["Крепежные изделия","ПАО АНК \"Башнефть\" \"Башнефть-Новойл\"",7,267,"Гайка стопорная ч.922","ШТ",4,1301.54,5206.16,"450045, г. Уфа, ПАО АНК \"Башнефть\" \"Башнефть-Новойл\""]
["Крепежные изделия","ПАО АНК \"Башнефть\" \"Башнефть-Новойл\"",7,268,"Гайка ч.780.01","ШТ",3,1166.52,3499.56,"450045, г. Уфа, ПАО АНК \"Башнефть\" \"Башнефть-Новойл\""]
["Крепежные изделия","ПАО АНК \"Башнефть\" \"Башнефть-Новойл\"",7,269,"Гайка ч.780.01","ШТ",1,2309.0300000000002,2309.0300000000002,"450045, г. Уфа, ПАО АНК \"Башнефть\" \"Башнефть-Новойл\""]
["Крепежные изделия","ПАО АНК \"Башнефть\" \"Башнефть-Новойл\"",7,270,"Гайка ч.780.01","ШТ",3,946.56,2839.68,"450045, г. Уфа, ПАО АНК \"Башнефть\" \"Башнефть-Новойл\""]
["Крепежные изделия","ПАО АНК \"Башнефть\" \"Башнефть-Новойл\"",7,271,"Гайка ч.780.70-01","ШТ",2,1278.8599999999999,2557.7199999999998,"450045, г. Уфа, ПАО АНК \"Башнефть\" \"Башнефть-Новойл\""]
["Крепежные изделия","ПАО АНК \"Башнефть\" \"Башнефть-Новойл\"",7,272,"Гайка ч.780.70-01","ШТ",2,1470.48,2940.96,"450045, г. Уфа, ПАО АНК \"Башнефть\" \"Башнефть-Новойл\""]
["Крепежные изделия","ПАО АНК \"Башнефть\" \"Башнефть-Новойл\"",7,273,"Гайка ч.780.70-01","ШТ",1,1346.83,1346.83,"450045, г. Уфа, ПАО АНК \"Башнефть\" \"Башнефть-Новойл\""]
["Крепежные изделия","ПАО АНК \"Башнефть\" \"Башнефть-Новойл\"",7,274,"Гайка ч.780.70-02 30Х13","ШТ",4,1513.75,6055,"450045, г. Уфа, ПАО АНК \"Башнефть\" \"Башнефть-Новойл\""]
["Вкладыши","ПАО АНК \"Башнефть\" \"Башнефть-Новойл\"",8,275,"Вкладыш 3.288.609","ШТ",4,10666.27,42665.08,"450045, г. Уфа, ПАО АНК \"Башнефть\" \"Башнефть-Новойл\""]
["Вкладыши","ПАО АНК \"Башнефть\" \"Башнефть-Новойл\"",8,276,"Вкладыш 3.288.610","ШТ",4,10666.27,42665.08,"450045, г. Уфа, ПАО АНК \"Башнефть\" \"Башнефть-Новойл\""]
["Вкладыши","ПАО АНК \"Башнефть\" \"Башнефть-Новойл\"",8,277,"Вкладыш 5ВК.263.037","ШТ",1,32212.61,32212.61,"450045, г. Уфа, ПАО АНК \"Башнефть\" \"Башнефть-Новойл\""]
["Вкладыши","ПАО АНК \"Башнефть\" \"Башнефть-Новойл\"",8,278,"Вкладыш 5ВК.263.038","ШТ",1,32212.61,32212.61,"450045, г. Уфа, ПАО АНК \"Башнефть\" \"Башнефть-Новойл\""]
["Вкладыши","ПАО АНК \"Башнефть\" \"Башнефть-Новойл\"",8,279,"Вкладыш 5ВК.263.200.00","ШТ",2,52159.93,104319.86,"450045, г. Уфа, ПАО АНК \"Башнефть\" \"Башнефть-Новойл\""]
["Вкладыши","ПАО АНК \"Башнефть\" \"Башнефть-Новойл\"",8,280,"Вкладыш 5ВК.263.201.00","ШТ",2,52159.93,104319.86,"450045, г. Уфа, ПАО АНК \"Башнефть\" \"Башнефть-Новойл\""]
["Вкладыши","ПАО АНК \"Башнефть\" \"Башнефть-Новойл\"",8,281,"Вкладыш 8КЕ.263.801 к БЭН","ШТ",4,1874.68,7498.72,"450045, г. Уфа, ПАО АНК \"Башнефть\" \"Башнефть-Новойл\""]
["Вкладыши","ПАО АНК \"Башнефть\" \"Башнефть-Новойл\"",8,282,"Вкладыш ГХ.715143.004-94","ШТ",2,1782.86,3565.72,"450045, г. Уфа, ПАО АНК \"Башнефть\" \"Башнефть-Новойл\""]
["Вкладыши","ПАО АНК \"Башнефть\" \"Башнефть-Новойл\"",8,283,"Вкладыш из 2-х половин","ШТ",2,32727.7,65455.4,"450045, г. Уфа, ПАО АНК \"Башнефть\" \"Башнефть-Новойл\""]
["Вкладыши","ПАО АНК \"Башнефть\" \"Башнефть-Новойл\"",8,284,"Вкладыш подшипника 5ВК 263.181","ШТ",4,22796.42,91185.68,"450045, г. Уфа, ПАО АНК \"Башнефть\" \"Башнефть-Новойл\""]
["Вкладыши","ПАО АНК \"Башнефть\" \"Башнефть-Новойл\"",8,285,"Вкладыш подшипника 5ВК.263.145","ШТ",5,19271.77,96358.85,"450045, г. Уфа, ПАО АНК \"Башнефть\" \"Башнефть-Новойл\""]
["Вкладыши","ПАО АНК \"Башнефть\" \"Башнефть-Новойл\"",8,286,"Вкладыш подшипника 5ВК.263.146","ШТ",5,19271.77,96358.85,"450045, г. Уфа, ПАО АНК \"Башнефть\" \"Башнефть-Новойл\""]
["Вкладыши","ПАО АНК \"Башнефть\" \"Башнефть-Новойл\"",8,287,"Вкладыш подшипника 5ВК263.182","ШТ",4,22796.42,91185.68,"450045, г. Уфа, ПАО АНК \"Башнефть\" \"Башнефть-Новойл\""]
["Вкладыши","ПАО АНК \"Башнефть\" \"Башнефть-Новойл\"",8,288,"Вкладыш ч.В16.11.01.017","ШТ",2,5418.7,10837.4,"450045, г. Уфа, ПАО АНК \"Башнефть\" \"Башнефть-Новойл\""]
["Подшипник","ПАО АНК \"Башнефть\" \"Башнефть-Новойл\"",9,289,"Подшипник SQT07208","ШТ",3,2719.92,8159.76,"450045, г. Уфа, ПАО АНК \"Башнефть\" \"Башнефть-Новойл\""]
["Подшипник","ПАО АНК \"Башнефть\" \"Башнефть-Новойл\"",9,290,"Подшипник опор.-упор.ВГ12/1.5-21 652-2-1","ШТ",2,74805.22,149610.44,"450045, г. Уфа, ПАО АНК \"Башнефть\" \"Башнефть-Новойл\""]
["Подшипник","ПАО АНК \"Башнефть\" \"Башнефть-Новойл\"",9,291,"Подшипник опор.-упор.ВГ12/1.5-21 652-2-1","ШТ",2,72997.09,145994.18,"450045, г. Уфа, ПАО АНК \"Башнефть\" \"Башнефть-Новойл\""]
["Подшипник","ПАО АНК \"Башнефть\" \"Башнефть-Новойл\"",9,292,"Подшипник опорно-упорный ВГ12/1.5-21 652","ШТ",2,74805.22,149610.44,"450045, г. Уфа, ПАО АНК \"Башнефть\" \"Башнефть-Новойл\""]
["Подшипник","ПАО АНК \"Башнефть\" \"Башнефть-Новойл\"",9,293,"Подшипник опорно-упорный ВГ12/1.5-21 652","ШТ",2,72997.09,145994.18,"450045, г. Уфа, ПАО АНК \"Башнефть\" \"Башнефть-Новойл\""]
["Подшипник","ПАО АНК \"Башнефть\" \"Башнефть-Новойл\"",9,294,"Подшипник промеж. ч.Н12.2.240.01.006","ШТ",1,5407.76,5407.76,"450045, г. Уфа, ПАО АНК \"Башнефть\" \"Башнефть-Новойл\""]
["Подшипник","ПАО АНК \"Башнефть\" \"Башнефть-Новойл\"",9,295,"Подшипник промеж. ч.Н12.2.240.01.007","ШТ",1,5407.76,5407.76,"450045, г. Уфа, ПАО АНК \"Башнефть\" \"Башнефть-Новойл\""]
["Ротор","ПАО АНК \"Башнефть\" \"Башнефть-Новойл\"",10,296,"Ротор 240.172","ШТ",1,61460.65,61460.65,"450045, г. Уфа, ПАО АНК \"Башнефть\" \"Башнефть-Новойл\""]
["Ротор","ПАО АНК \"Башнефть\" \"Башнефть-Новойл\"",10,297,"Ротор ч.240.185-02","ШТ",1,422129.98,422129.98,"450045, г. Уфа, ПАО АНК \"Башнефть\" \"Башнефть-Новойл\""]
["Ротор","ПАО АНК \"Башнефть\" \"Башнефть-Новойл\"",10,298,"Ротор ч.240.56","ШТ",1,59066.71,59066.71,"450045, г. Уфа, ПАО АНК \"Башнефть\" \"Башнефть-Новойл\""]
["Вспомогательные материалы","ПАО АНК \"Башнефть\" \"Башнефть-Новойл\"",11,299,"Пружина к кл. СППК №41","ШТ",2,1842.23,3684.46,"450045, г. Уфа, ПАО АНК \"Башнефть\" \"Башнефть-Новойл\""]
["Вспомогательные материалы","ПАО АНК \"Башнефть\" \"Башнефть-Новойл\"",11,300,"Шайба 3 ч.Н49.941.01.00.012У-04 40Х","ШТ",2,44.47,88.94,"450045, г. Уфа, ПАО АНК \"Башнефть\" \"Башнефть-Новойл\""]
["Вспомогательные материалы","ПАО АНК \"Башнефть\" \"Башнефть-Новойл\"",11,301,"Шайба Н4.848.430-9","ШТ",3,112.68,338.04,"450045, г. Уфа, ПАО АНК \"Башнефть\" \"Башнефть-Новойл\""]
["Вспомогательные материалы","ПАО АНК \"Башнефть\" \"Башнефть-Новойл\"",11,302,"Шайба специальная МС-30М-0135А","ШТ",2,34.659999999999997,69.319999999999993,"450045, г. Уфа, ПАО АНК \"Башнефть\" \"Башнефть-Новойл\""]
["Вспомогательные материалы","ПАО АНК \"Башнефть\" \"Башнефть-Новойл\"",11,303,"Шайба стопорная ч.851.00","ШТ",6,242.2,1453.1999999999998,"450045, г. Уфа, ПАО АНК \"Башнефть\" \"Башнефть-Новойл\""]
["Вспомогательные материалы","ПАО АНК \"Башнефть\" \"Башнефть-Новойл\"",11,304,"Шайба стопорная ч.851.00","ШТ",5,242.84,1214.2,"450045, г. Уфа, ПАО АНК \"Башнефть\" \"Башнефть-Новойл\""]
["Вспомогательные материалы","ПАО АНК \"Башнефть\" \"Башнефть-Новойл\"",11,305,"Шайба стопорная ч.851.00","ШТ",25,275.5,6887.5,"450045, г. Уфа, ПАО АНК \"Башнефть\" \"Башнефть-Новойл\""]
["Вспомогательные материалы","ПАО АНК \"Башнефть\" \"Башнефть-Новойл\"",11,306,"Шайба стопорная ч.851.01","ШТ",2,234.23,468.46,"450045, г. Уфа, ПАО АНК \"Башнефть\" \"Башнефть-Новойл\""]
["Вспомогательные материалы","ПАО АНК \"Башнефть\" \"Башнефть-Новойл\"",11,307,"Шайба стопорная ч.851.44","ШТ",12,1017.58,12210.960000000001,"450045, г. Уфа, ПАО АНК \"Башнефть\" \"Башнефть-Новойл\""]
["Вспомогательные материалы","ПАО АНК \"Башнефть\" \"Башнефть-Новойл\"",11,308,"Шайба стопорная ч.851.44","ШТ",2,923.16,1846.32,"450045, г. Уфа, ПАО АНК \"Башнефть\" \"Башнефть-Новойл\""]
["Вспомогательные материалы","ПАО АНК \"Башнефть\" \"Башнефть-Новойл\"",11,309,"Шайба упорная 561.04","ШТ",3,30.34,91.02,"450045, г. Уфа, ПАО АНК \"Башнефть\" \"Башнефть-Новойл\""]
["Вспомогательные материалы","ПАО АНК \"Башнефть\" \"Башнефть-Новойл\"",11,310,"Шайба ч.851.31","ШТ",16,325.60000000000002,5209.6000000000004,"450045, г. Уфа, ПАО АНК \"Башнефть\" \"Башнефть-Новойл\""]
["Вспомогательные материалы","ПАО АНК \"Башнефть\" \"Башнефть-Новойл\"",11,311,"Шайба ч.851.31","ШТ",10,312.37,3123.7,"450045, г. Уфа, ПАО АНК \"Башнефть\" \"Башнефть-Новойл\""]
["Вспомогательные материалы","ПАО АНК \"Башнефть\" \"Башнефть-Новойл\"",11,312,"Шайба ч.851.31-14","ШТ",4,573.13,2292.52,"450045, г. Уфа, ПАО АНК \"Башнефть\" \"Башнефть-Новойл\""]
["Вспомогательные материалы","ПАО АНК \"Башнефть\" \"Башнефть-Новойл\"",11,313,"Шайба ч.851.31-14","ШТ",2,505.2,1010.4,"450045, г. Уфа, ПАО АНК \"Башнефть\" \"Башнефть-Новойл\""]
["Вспомогательные материалы","ПАО АНК \"Башнефть\" \"Башнефть-Новойл\"",11,314,"Шайба ч.851.31-14","ШТ",1,747.17,747.17,"450045, г. Уфа, ПАО АНК \"Башнефть\" \"Башнефть-Новойл\""]
["Вспомогательные материалы","ПАО АНК \"Башнефть\" \"Башнефть-Новойл\"",11,315,"Шайба ч.851.44-01","ШТ",10,989.93,9899.2999999999993,"450045, г. Уфа, ПАО АНК \"Башнефть\" \"Башнефть-Новойл\""]
["Вспомогательные материалы","ПАО АНК \"Башнефть\" \"Башнефть-Новойл\"",11,316,"Шайба Н4.848.430-9","ШТ",3,112.68,338.04,"450045, г. Уфа, ПАО АНК \"Башнефть\" \"Башнефть-Новойл\""]
["Вспомогательные материалы","ПАО АНК \"Башнефть\" \"Башнефть-Новойл\"",11,317,"Пружина 860.00","ШТ",6,401.2,2407.1999999999998,"450045, г. Уфа, ПАО АНК \"Башнефть\" \"Башнефть-Новойл\""]
["Вспомогательные материалы","ПАО АНК \"Башнефть\" \"Башнефть-Новойл\"",11,318,"Пружина 860.00","ШТ",5,339.71,1698.55,"450045, г. Уфа, ПАО АНК \"Башнефть\" \"Башнефть-Новойл\""]
["Вспомогательные материалы","ПАО АНК \"Башнефть\" \"Башнефть-Новойл\"",11,319,"Пружина 860.00","ШТ",6,401.2,2407.1999999999998,"450045, г. Уфа, ПАО АНК \"Башнефть\" \"Башнефть-Новойл\""]
["Вспомогательные материалы","ПАО АНК \"Башнефть\" \"Башнефть-Новойл\"",11,320,"Пружина 860.00","ШТ",8,355.06,2840.48,"450045, г. Уфа, ПАО АНК \"Башнефть\" \"Башнефть-Новойл\""]
["Вспомогательные материалы","ПАО АНК \"Башнефть\" \"Башнефть-Новойл\"",11,321,"Пружина 860.00","ШТ",6,401.2,{"$f":"G325*H325","v":2407.1999999999998},"450045, г. Уфа, ПАО АНК \"Башнефть\" \"Башнефть-Новойл\""]
["Вспомогательные материалы","ПАО АНК \"Башнефть\" \"Башнефть-Новойл\"",11,322,"Пружина 860.00","ШТ",12,195,2340,"450045, г. Уфа, ПАО АНК \"Башнефть\" \"Башнефть-Новойл\""]
["Вспомогательные материалы","ПАО АНК \"Башнефть\" \"Башнефть-Новойл\"",11,323,"Пружина 860.00","ШТ",4,346.28,1385.12,"450045, г. Уфа, ПАО АНК \"Башнефть\" \"Башнефть-Новойл\""]
["Вспомогательные материалы","ПАО АНК \"Башнефть\" \"Башнефть-Новойл\"",11,324,"Пружина 860.00","ШТ",6,195,1170,"450045, г. Уфа, ПАО АНК \"Башнефть\" \"Башнефть-Новойл\""]
["Вспомогательные материалы","ПАО АНК \"Башнефть\" \"Башнефть-Новойл\"",11,325,"Пружина ДХМ 10005.07.007 к НВ","ШТ",2,1050.56,2101.12,"450045, г. Уфа, ПАО АНК \"Башнефть\" \"Башнефть-Новойл\""]
["Вспомогательные материалы","ПАО АНК \"Башнефть\" \"Башнефть-Новойл\"",11,326,"Пружина ДХМ 10005.07.007 к НВ","ШТ",1,526.91999999999996,526.91999999999996,"450045, г. Уфа, ПАО АНК \"Башнефть\" \"Башнефть-Новойл\""]
["Вспомогательные материалы","ПАО АНК \"Башнефть\" \"Башнефть-Новойл\"",11,327,"Пружина ДХМ 10005.07.007 к НВ","ШТ",1,526.91999999999996,526.91999999999996,"450045, г. Уфа, ПАО АНК \"Башнефть\" \"Башнефть-Новойл\""]
["Вспомогательные материалы","ПАО АНК \"Башнефть\" \"Башнефть-Новойл\"",11,328,"Блок гидравлический Н556.08.001","ШТ",1,69402.22,69402.22,"450045, г. Уфа, ПАО АНК \"Башнефть\" \"Башнефть-Новойл\""]
["Вспомогательные материалы","ПАО АНК \"Башнефть\" \"Башнефть-Новойл\"",11,329,"Венец шестерни Н2/304.2-2","ШТ",1,7833.93,7833.93,"450045, г. Уфа, ПАО АНК \"Башнефть\" \"Башнефть-Новойл\""]
["Вспомогательные материалы","ПАО АНК \"Башнефть\" \"Башнефть-Новойл\"",11,330,"Вкладыш 8КЕ.263.801 к БЭН","ШТ",2,1874.68,3749.36,"450045, г. Уфа, ПАО АНК \"Башнефть\" \"Башнефть-Новойл\""]
["Вспомогательные материалы","ПАО АНК \"Башнефть\" \"Башнефть-Новойл\"",11,331,"Манжета ч.S1-T ПУ 40х50х5,5","ШТ",5,2418.06,12090.3,"450045, г. Уфа, ПАО АНК \"Башнефть\" \"Башнефть-Новойл\""]
["Вспомогательные материалы","ПАО АНК \"Башнефть\" \"Башнефть-Новойл\"",11,332,"Мембрана НД2М200/10.01.00.002","ШТ",6,6074.63,36447.78,"450045, г. Уфа, ПАО АНК \"Башнефть\" \"Башнефть-Новойл\""]
["Вспомогательные материалы","ПАО АНК \"Башнефть\" \"Башнефть-Новойл\"",11,333,"Мембрана НД3М320/16.01.00.007","ШТ",9,7136.23,64226.069999999992,"450045, г. Уфа, ПАО АНК \"Башнефть\" \"Башнефть-Новойл\""]
["Вспомогательные материалы","ПАО АНК \"Башнефть\" \"Башнефть-Новойл\"",11,334,"Мембрана ф70мм, Н=20мм резина+ткань","ШТ",2,1897.76,3795.52,"450045, г. Уфа, ПАО АНК \"Башнефть\" \"Башнефть-Новойл\""]
["Вспомогательные материалы","ПАО АНК \"Башнефть\" \"Башнефть-Новойл\"",11,335,"Муфта GI М-130-255-75.75 М.130.225.75.75","ШТ",2,8493.68,16987.36,"450045, г. Уфа, ПАО АНК \"Башнефть\" \"Башнефть-Новойл\""]
["Вспомогательные материалы","ПАО АНК \"Башнефть\" \"Башнефть-Новойл\"",11,336,"Блок гидравлический Н556.08.001","ШТ",1,69402.22,69402.22,"450045, г. Уфа, ПАО АНК \"Башнефть\" \"Башнефть-Новойл\""]
["Вспомогательные материалы","ПАО АНК \"Башнефть\" \"Башнефть-Новойл\"",11,337,"Блок уплотнения С10-С12 32х47х25","ШТ",1,9142.51,9142.51,"450045, г. Уфа, ПАО АНК \"Башнефть\" \"Башнефть-Новойл\""]
["Вспомогательные материалы","ПАО АНК \"Башнефть\" \"Башнефть-Новойл\"",11,338,"Венец шестерни Н2/304.2-2","ШТ",2,7833.93,15667.86,"450045, г. Уфа, ПАО АНК \"Башнефть\" \"Башнефть-Новойл\""]
["Вспомогательные материалы","ПАО АНК \"Башнефть\" \"Башнефть-Новойл\"",11,339,"Втулка ч.Н2.30.1.0.06-01","ШТ",4,4776.9799999999996,19107.919999999998,"450045, г. Уфа, ПАО АНК \"Башнефть\" \"Башнефть-Новойл\""]
["Вспомогательные материалы","ПАО АНК \"Башнефть\" \"Башнефть-Новойл\"",11,340,"Дренаж ч.М-06-73","ШТ",6,740.17,4441.0199999999995,"450045, г. Уфа, ПАО АНК \"Башнефть\" \"Башнефть-Новойл\""]
["Вспомогательные материалы","ПАО АНК \"Башнефть\" \"Башнефть-Новойл\"",11,341,"Звездочка 4.248.045","ШТ",5,1897.86,9489.2999999999993,"450045, г. Уфа, ПАО АНК \"Башнефть\" \"Башнефть-Новойл\""]
["Вспомогательные материалы","ПАО АНК \"Башнефть\" \"Башнефть-Новойл\"",11,342,"Импеллер РДКН.102.002.008-09","ШТ",3,12245.08,36735.24,"450045, г. Уфа, ПАО АНК \"Башнефть\" \"Башнефть-Новойл\""]
["Вспомогательные материалы","ПАО АНК \"Башнефть\" \"Башнефть-Новойл\"",11,343,"Камера входная 1ст. ч.1К.01.02.03.01","ШТ",1,43021.760000000002,43021.760000000002,"450045, г. Уфа, ПАО АНК \"Башнефть\" \"Башнефть-Новойл\""]
["Вспомогательные материалы","ПАО АНК \"Башнефть\" \"Башнефть-Новойл\"",11,344,"Крышка в сборе 413-2-6АР-1","ШТ",2,4397.84,8795.68,"450045, г. Уфа, ПАО АНК \"Башнефть\" \"Башнефть-Новойл\""]
["Вспомогательные материалы","ПАО АНК \"Башнефть\" \"Башнефть-Новойл\"",11,345,"Крышка Н12.100.01.026","ШТ",2,52191.199999999997,104382.39999999999,"450045, г. Уфа, ПАО АНК \"Башнефть\" \"Башнефть-Новойл\""]
["Вспомогательные материалы","ПАО АНК \"Башнефть\" \"Башнефть-Новойл\"",11,346,"Крышка сальника 3 40Х","ШТ",2,370.52,741.04,"450045, г. Уфа, ПАО АНК \"Башнефть\" \"Башнефть-Новойл\""]
["Вспомогательные материалы","ПАО АНК \"Башнефть\" \"Башнефть-Новойл\"",11,347,"Манжета ч.29-06-04","ШТ",3,182.72,548.16,"450045, г. Уфа, ПАО АНК \"Башнефть\" \"Башнефть-Новойл\""]
["Вспомогательные материалы","ПАО АНК \"Башнефть\" \"Башнефть-Новойл\"",11,348,"Манжета ч.S1-T ПУ 40х50х5,5","ШТ",6,2418.06,14508.36,"450045, г. Уфа, ПАО АНК \"Башнефть\" \"Башнефть-Новойл\""]
["Вспомогательные материалы","ПАО АНК \"Башнефть\" \"Башнефть-Новойл\"",11,349,"Манжета ч.S1-T ПУ 40х50х5,5","ШТ",1,2392.96,2392.96,"450045, г. Уфа, ПАО АНК \"Башнефть\" \"Башнефть-Новойл\""]
["Вспомогательные материалы","ПАО АНК \"Башнефть\" \"Башнефть-Новойл\"",11,350,"Мембрана НД2М200/10.01.00.002","ШТ",2,6926.61,13853.22,"450045, г. Уфа, ПАО АНК \"Башнефть\" \"Башнефть-Новойл\""]
["Вспомогательные материалы","ПАО АНК \"Башнефть\" \"Башнефть-Новойл\"",11,351,"Мембрана НД2М200/10.01.00.002","ШТ",6,6074.63,36447.78,"450045, г. Уфа, ПАО АНК \"Башнефть\" \"Башнефть-Новойл\""]
["Вспомогательные материалы","ПАО АНК \"Башнефть\" \"Башнефть-Новойл\"",11,352,"Мембрана НД3М320/16.01.00.007","ШТ",10,7136.23,71362.299999999988,"450045, г. Уфа, ПАО АНК \"Башнефть\" \"Башнефть-Новойл\""]
["Вспомогательные материалы","ПАО АНК \"Башнефть\" \"Башнефть-Новойл\"",11,353,"Мембрана НД3М320/16.01.00.007","ШТ",1,7062.13,7062.13,"450045, г. Уфа, ПАО АНК \"Башнефть\" \"Башнефть-Новойл\""]
["Вспомогательные материалы","ПАО АНК \"Башнефть\" \"Башнефть-Новойл\"",11,354,"Мембрана ф70мм, Н=20мм резина+ткань","ШТ",8,1897.76,15182.08,"450045, г. Уфа, ПАО АНК \"Башнефть\" \"Башнефть-Новойл\""]
["Вспомогательные материалы","ПАО АНК \"Башнефть\" \"Башнефть-Новойл\"",11,355,"Муфта GI М-130-255-75.75 М.130.225.75.75","ШТ",3,8493.68,25481.040000000001,"450045, г. Уфа, ПАО АНК \"Башнефть\" \"Башнефть-Новойл\""]
["Вспомогательные материалы","ПАО АНК \"Башнефть\" \"Башнефть-Новойл\"",11,356,"Палец","ШТ",6,666.6,3999.6000000000004,"450045, г. Уфа, ПАО АНК \"Башнефть\" \"Башнефть-Новойл\""]
["Вспомогательные материалы","ПАО АНК \"Башнефть\" \"Башнефть-Новойл\"",11,357,"Палец","ШТ",4,702.33,2809.32,"450045, г. Уфа, ПАО АНК \"Башнефть\" \"Башнефть-Новойл\""]
["Вспомогательные материалы","ПАО АНК \"Башнефть\" \"Башнефть-Новойл\"",11,358,"Плунжер ч.Н2.30.1.2.01-01","ШТ",3,3127.86,9383.58,"450045, г. Уфа, ПАО АНК \"Башнефть\" \"Башнефть-Новойл\""]
["Вспомогательные материалы","ПАО АНК \"Башнефть\" \"Башнефть-Новойл\"",11,359,"Прокладка для насоса УНД-4-2-800/50ПК-1","ШТ",8,1611.02,12888.16,"450045, г. Уфа, ПАО АНК \"Башнефть\" \"Башнефть-Новойл\""]
["Вспомогательные материалы","ПАО АНК \"Башнефть\" \"Башнефть-Новойл\"",11,360,"Прокладка ПАГФ-Г-П1-6,4-00-473х447х2","ШТ",308,44.43,13684.44,"450045, г. Уфа, ПАО АНК \"Башнефть\" \"Башнефть-Новойл\""]
["Вспомогательные материалы","ПАО АНК \"Башнефть\" \"Башнефть-Новойл\"",11,361,"Прокладка УНД1М5000/20, 2НД6М2500/20ДВ","ШТ",3,3315.69,9947.07,"450045, г. Уфа, ПАО АНК \"Башнефть\" \"Башнефть-Новойл\""]
["Вспомогательные материалы","ПАО АНК \"Башнефть\" \"Башнефть-Новойл\"",11,362,"Прокладка УНД1М5000/20, 2НД6М2500/20ДВ","ШТ",1,3281.26,3281.26,"450045, г. Уфа, ПАО АНК \"Башнефть\" \"Башнефть-Новойл\""]
["Вспомогательные материалы","ПАО АНК \"Башнефть\" \"Башнефть-Новойл\"",11,363,"Прокладка ч.Н42.656.00.011","ШТ",9,40.61,365.49,"450045, г. Уфа, ПАО АНК \"Башнефть\" \"Башнефть-Новойл\""]
["Вспомогательные материалы","ПАО АНК \"Башнефть\" \"Башнефть-Новойл\"",11,364,"Прокладка ч.Н42.656.00.012","ШТ",7,40.61,284.27,"450045, г. Уфа, ПАО АНК \"Башнефть\" \"Башнефть-Новойл\""]
["Вспомогательные материалы","ПАО АНК \"Башнефть\" \"Башнефть-Новойл\"",11,365,"Пята 8КЕ.266.290 для ЦГ","ШТ",2,1627.31,3254.62,"450045, г. Уфа, ПАО АНК \"Башнефть\" \"Башнефть-Новойл\""]
["Вспомогательные материалы","ПАО АНК \"Башнефть\" \"Башнефть-Новойл\"",11,366,"Пята 8КЕ.266.290 для ЦГ","ШТ",2,524.65,1049.3,"450045, г. Уфа, ПАО АНК \"Башнефть\" \"Башнефть-Новойл\""]
["Вспомогательные материалы","ПАО АНК \"Башнефть\" \"Башнефть-Новойл\"",11,367,"Пята 8КЕ.266.804","ШТ",4,418.84,1675.36,"450045, г. Уфа, ПАО АНК \"Башнефть\" \"Башнефть-Новойл\""]
["Вспомогательные материалы","ПАО АНК \"Башнефть\" \"Башнефть-Новойл\"",11,368,"Развервитель-сплиттер 5bites LY-SB26B-A","ШТ",40,181.57,7262.7999999999993,"450045, г. Уфа, ПАО АНК \"Башнефть\" \"Башнефть-Новойл\""]
["Вспомогательные материалы","ПАО АНК \"Башнефть\" \"Башнефть-Новойл\"",11,369,"Седло","ШТ",2,2760.17,5520.34,"450045, г. Уфа, ПАО АНК \"Башнефть\" \"Башнефть-Новойл\""]
["Вспомогательные материалы","ПАО АНК \"Башнефть\" \"Башнефть-Новойл\"",11,370,"Сопло эжектора I ступени ЩП6.451.704-005","КМП",1,137196.85999999999,137196.85999999999,"450045, г. Уфа, ПАО АНК \"Башнефть\" \"Башнефть-Новойл\""]
["Вспомогательные материалы","ПАО АНК \"Башнефть\" \"Башнефть-Новойл\"",11,371,"Сопло эжектора II ступ.","ШТ",1,131274.6,131274.6,"450045, г. Уфа, ПАО АНК \"Башнефть\" \"Башнефть-Новойл\""]
["Вспомогательные материалы","ПАО АНК \"Башнефть\" \"Башнефть-Новойл\"",11,372,"Сопло эжектора III ступ. ЩП6.451.706-009","ШТ",1,102026.39,102026.39,"450045, г. Уфа, ПАО АНК \"Башнефть\" \"Башнефть-Новойл\""]
["Вспомогательные материалы","ПАО АНК \"Башнефть\" \"Башнефть-Новойл\"",11,373,"Фильтр Bauer тонкой очистки 062565","ШТ",2,2316.5,4633,"450045, г. Уфа, ПАО АНК \"Башнефть\" \"Башнефть-Новойл\""]
["Вспомогательные материалы","ПАО АНК \"Башнефть\" \"Башнефть-Новойл\"",11,374,"Х Вкладыш 1-0-8 СЧ28-48","ШТ",2,3456.2,6912.4,"450045, г. Уфа, ПАО АНК \"Башнефть\" \"Башнефть-Новойл\""]
["Вспомогательные материалы","ПАО АНК \"Башнефть\" \"Башнефть-Новойл\"",11,375,"Х Гильза защитная ч.710.38 изм.1","ШТ",1,7581.52,7581.52,"450045, г. Уфа, ПАО АНК \"Башнефть\" \"Башнефть-Новойл\""]
["Вспомогательные материалы","ПАО АНК \"Башнефть\" \"Башнефть-Новойл\"",11,376,"Х Колесо рабочее ч.26.02.005 изм.1","ШТ",1,20088.98,20088.98,"450045, г. Уфа, ПАО АНК \"Башнефть\" \"Башнефть-Новойл\""]
["Вспомогательные материалы","ПАО АНК \"Башнефть\" \"Башнефть-Новойл\"",11,377,"Х Кольцо уплотняющее ч.725.200 изм.1","ШТ",2,2275.5,4551,"450045, г. Уфа, ПАО АНК \"Башнефть\" \"Башнефть-Новойл\""]
["Вспомогательные материалы","ПАО АНК \"Башнефть\" \"Башнефть-Новойл\"",11,378,"Х Фланцы к эжекторам НВЭ 1000х40/11Н","КМП",1,124770.1,124770.1,"450045, г. Уфа, ПАО АНК \"Башнефть\" \"Башнефть-Новойл\""]
["Вспомогательные материалы","ПАО АНК \"Башнефть\" \"Башнефть-Новойл\"",11,379,"Хвостовик компрессора АКГ73/40","ШТ",8,5928.39,47427.12,"450045, г. Уфа, ПАО АНК \"Башнефть\" \"Башнефть-Новойл\""]
["Вспомогательные материалы","ПАО АНК \"Башнефть\" \"Башнефть-Новойл\"",11,380,"Червяк редуктора ст40Х РПН2х30","ШТ",3,6038.24,18114.72,"450045, г. Уфа, ПАО АНК \"Башнефть\" \"Башнефть-Новойл\""]
["Вспомогательные материалы","ПАО АНК \"Башнефть\" \"Башнефть-Новойл\"",11,381,"Шарик 6.35 G40 +16","ШТ",1,0.92,0.92,"450045, г. Уфа, ПАО АНК \"Башнефть\" \"Башнефть-Новойл\""]
["Вспомогательные материалы","ПАО АНК \"Башнефть\" \"Башнефть-Новойл\"",11,382,"Шкаф управления p/n 96002521 Grundfos","ШТ",1,16356.17,16356.17,"450045, г. Уфа, ПАО АНК \"Башнефть\" \"Башнефть-Новойл\""]
["Вспомогательные материалы","ПАО АНК \"Башнефть\" \"Башнефть-Новойл\"",11,383,"Шток I ступени 167-03-02","ШТ",8,5212,41696,"450045, г. Уфа, ПАО АНК \"Башнефть\" \"Башнефть-Новойл\""]
["Вспомогательные материалы","ПАО АНК \"Башнефть\" \"Башнефть-Новойл\"",11,384,"Подшипник SQT07208","ШТ",1,2719.92,2719.92,"450045, г. Уфа, ПАО АНК \"Башнефть\" \"Башнефть-Новойл\""]
["Вспомогательные материалы","ПАО АНК \"Башнефть\" \"Башнефть-Новойл\"",11,385,"Прокладка НД3М320/16.01.00.003","ШТ",1,4013.19,{"$f":"G389*H389","v":4013.19},"450045, г. Уфа, ПАО АНК \"Башнефть\" \"Башнефть-Новойл\""]
["Вспомогательные материалы","ПАО АНК \"Башнефть\" \"Башнефть-Новойл\"",11,386,"Прокладка НД3М320/16.01.00.003","ШТ",1,4013.19,4013.19,"450045, г. Уфа, ПАО АНК \"Башнефть\" \"Башнефть-Новойл\""]
["Вспомогательные материалы","ПАО АНК \"Башнефть\" \"Башнефть-Новойл\"",11,387,"Фильтр Bauer тонкой очистки 062565","ШТ",13,2316.5,30114.5,"450045, г. Уфа, ПАО АНК \"Башнефть\" \"Башнефть-Новойл\""]
["ЗИП к торцевым уплотнениям","ПАО АНК \"Башнефть\" \"Башнефть-Новойл\"",12,388,"Втулка неподвиж. УСГ-90-203 к УСГ-90","ШТ",8,1875.53,15004.24,"450045, г. Уфа, ПАО АНК \"Башнефть\" \"Башнефть-Новойл\""]
["ЗИП к торцевым уплотнениям","ПАО АНК \"Башнефть\" \"Башнефть-Новойл\"",12,389,"Втулка неподвижная УСГ-70-01-202","ШТ",1,1833.63,1833.63,"450045, г. Уфа, ПАО АНК \"Башнефть\" \"Башнефть-Новойл\""]
["ЗИП к торцевым уплотнениям","ПАО АНК \"Башнефть\" \"Башнефть-Новойл\"",12,390,"Втулка подвиж. УСГ-90-202 к УСГ-90","ШТ",2,1542.97,3085.94,"450045, г. Уфа, ПАО АНК \"Башнефть\" \"Башнефть-Новойл\""]
["ЗИП к торцевым уплотнениям","ПАО АНК \"Башнефть\" \"Башнефть-Новойл\"",12,391,"Втулка поз.12 к 60СДС","ШТ",1,5626.73,5626.73,"450045, г. Уфа, ПАО АНК \"Башнефть\" \"Башнефть-Новойл\""]
["ЗИП к торцевым уплотнениям","ПАО АНК \"Башнефть\" \"Башнефть-Новойл\"",12,392,"Кольцо роторное к упл.ТМ 81-140-И СЕ446","ШТ",4,6114.63,24458.52,"450045, г. Уфа, ПАО АНК \"Башнефть\" \"Башнефть-Новойл\""]
["ЗИП к торцевым уплотнениям","ПАО АНК \"Башнефть\" \"Башнефть-Новойл\"",12,393,"Кольцо роторное к упл.ТМ 81-140-И СЕ446","ШТ",4,6114.63,24458.52,"450045, г. Уфа, ПАО АНК \"Башнефть\" \"Башнефть-Новойл\""]
["ЗИП к торцевым уплотнениям","ПАО АНК \"Башнефть\" \"Башнефть-Новойл\"",12,394,"Кольцо роторное к упл.ТМ 81-140-И СЕ446","ШТ",4,6114.63,24458.52,"450045, г. Уфа, ПАО АНК \"Башнефть\" \"Башнефть-Новойл\""]
["ЗИП к торцевым уплотнениям","ПАО АНК \"Башнефть\" \"Башнефть-Новойл\"",12,395,"Втулка неподвиж. поз.5 к УСГ-70","ШТ",4,2088.2199999999998,8352.8799999999992,"450045, г. Уфа, ПАО АНК \"Башнефть\" \"Башнефть-Новойл\""]
["ЗИП к торцевым уплотнениям","ПАО АНК \"Башнефть\" \"Башнефть-Новойл\"",12,396,"Втулка неподвиж. поз.9 к УСГ-70","ШТ",4,2225.33,8901.32,"450045, г. Уфа, ПАО АНК \"Башнефть\" \"Башнефть-Новойл\""]
["ЗИП к торцевым уплотнениям","ПАО АНК \"Башнефть\" \"Башнефть-Новойл\"",12,397,"Втулка неподвиж. УСГ-90-203 к УСГ-90","ШТ",4,1949.29,7797.16,"450045, г. Уфа, ПАО АНК \"Башнефть\" \"Башнефть-Новойл\""]
["ЗИП к торцевым уплотнениям","ПАО АНК \"Башнефть\" \"Башнефть-Новойл\"",12,398,"Втулка неподвиж. УСГ-90-203 к УСГ-90","ШТ",2,1949.29,3898.58,"450045, г. Уфа, ПАО АНК \"Башнефть\" \"Башнефть-Новойл\""]
["ЗИП к торцевым уплотнениям","ПАО АНК \"Башнефть\" \"Башнефть-Новойл\"",12,399,"Втулка неподвиж. УСГ-90-203 к УСГ-90","ШТ",2,1875.53,3751.06,"450045, г. Уфа, ПАО АНК \"Башнефть\" \"Башнефть-Новойл\""]
["ЗИП к торцевым уплотнениям","ПАО АНК \"Башнефть\" \"Башнефть-Новойл\"",12,400,"Втулка неподвиж.ОНП 90-203 поз.3 к БО-90","ШТ",6,1165.0899999999999,6990.5399999999991,"450045, г. Уфа, ПАО АНК \"Башнефть\" \"Башнефть-Новойл\""]
["ЗИП к торцевым уплотнениям","ПАО АНК \"Башнефть\" \"Башнефть-Новойл\"",12,401,"Втулка неподвижная УСГ-70-01-202","ШТ",1,1905.73,1905.73,"450045, г. Уфа, ПАО АНК \"Башнефть\" \"Башнефть-Новойл\""]
["ЗИП к торцевым уплотнениям","ПАО АНК \"Башнефть\" \"Башнефть-Новойл\"",12,402,"Втулка неподвижная УСГ-70-01-202","ШТ",3,1833.63,5500.89,"450045, г. Уфа, ПАО АНК \"Башнефть\" \"Башнефть-Новойл\""]
["ЗИП к торцевым уплотнениям","ПАО АНК \"Башнефть\" \"Башнефть-Новойл\"",12,403,"Втулка подвиж. ОНП 90-202 поз.1 к БО-90","ШТ",6,1165.0899999999999,6990.5399999999991,"450045, г. Уфа, ПАО АНК \"Башнефть\" \"Башнефть-Новойл\""]
["ЗИП к торцевым уплотнениям","ПАО АНК \"Башнефть\" \"Башнефть-Новойл\"",12,404,"Втулка подвиж. поз.6 к УСГ-70","ШТ",4,2770.13,11080.52,"450045, г. Уфа, ПАО АНК \"Башнефть\" \"Башнефть-Новойл\""]
["ЗИП к торцевым уплотнениям","ПАО АНК \"Башнефть\" \"Башнефть-Новойл\"",12,405,"Втулка подвиж. поз.6 к УСГ-70","ШТ",3,2317.9899999999998,6953.9699999999993,"450045, г. Уфа, ПАО АНК \"Башнефть\" \"Башнефть-Новойл\""]
["ЗИП к торцевым уплотнениям","ПАО АНК \"Башнефть\" \"Башнефть-Новойл\"",12,406,"Втулка подвиж. УСГ-90-202 к УСГ-90","ШТ",4,1542.97,6171.88,"450045, г. Уфа, ПАО АНК \"Башнефть\" \"Башнефть-Новойл\""]
["ЗИП к торцевым уплотнениям","ПАО АНК \"Башнефть\" \"Башнефть-Новойл\"",12,407,"Втулка подвиж. УСГ-90-202 к УСГ-90","ШТ",2,1542.97,3085.94,"450045, г. Уфа, ПАО АНК \"Башнефть\" \"Башнефть-Новойл\""]
["ЗИП к торцевым уплотнениям","ПАО АНК \"Башнефть\" \"Башнефть-Новойл\"",12,408,"Втулка подвиж. УСГ-90-202 к УСГ-90","ШТ",8,1484.59,11876.72,"450045, г. Уфа, ПАО АНК \"Башнефть\" \"Башнефть-Новойл\""]
["ЗИП к торцевым уплотнениям","ПАО АНК \"Башнефть\" \"Башнефть-Новойл\"",12,409,"Втулка подвижная УСГ-70-01-203","ШТ",1,929.41,929.41,"450045, г. Уфа, ПАО АНК \"Башнефть\" \"Башнефть-Новойл\""]
["ЗИП к торцевым уплотнениям","ПАО АНК \"Башнефть\" \"Башнефть-Новойл\"",12,410,"Втулка подвижная УСГ-70-01-203","ШТ",1,7746.4,7746.4,"450045, г. Уфа, ПАО АНК \"Башнефть\" \"Башнефть-Новойл\""]
["ЗИП к торцевым уплотнениям","ПАО АНК \"Башнефть\" \"Башнефть-Новойл\"",12,411,"Втулка подвижная УСГ-70-01-203","ШТ",3,5130.6899999999996,15392.07,"450045, г. Уфа, ПАО АНК \"Башнефть\" \"Башнефть-Новойл\""]
["ЗИП к торцевым уплотнениям","ПАО АНК \"Башнефть\" \"Башнефть-Новойл\"",12,412,"Втулка поз.1.2 к 52СД-Н","ШТ",2,7161.02,14322.04,"450045, г. Уфа, ПАО АНК \"Башнефть\" \"Башнефть-Новойл\""]
["ЗИП к торцевым уплотнениям","ПАО АНК \"Башнефть\" \"Башнефть-Новойл\"",12,413,"Втулка поз.1.2 к 90СД-Н","ШТ",2,6634.46,13268.92,"450045, г. Уфа, ПАО АНК \"Башнефть\" \"Башнефть-Новойл\""]
["ЗИП к торцевым уплотнениям","ПАО АНК \"Башнефть\" \"Башнефть-Новойл\"",12,414,"Втулка поз.10 к 40СД-Н","ШТ",2,5434.68,10869.36,"450045, г. Уфа, ПАО АНК \"Башнефть\" \"Башнефть-Новойл\""]
["ЗИП к торцевым уплотнениям","ПАО АНК \"Башнефть\" \"Башнефть-Новойл\"",12,415,"Втулка поз.10.3 к 70РДТ-2","ШТ",2,3410.99,6821.98,"450045, г. Уфа, ПАО АНК \"Башнефть\" \"Башнефть-Новойл\""]
["ЗИП к торцевым уплотнениям","ПАО АНК \"Башнефть\" \"Башнефть-Новойл\"",12,416,"Втулка поз.11.4 к 70РДТ-2","ШТ",8,1524.46,12195.68,"450045, г. Уфа, ПАО АНК \"Башнефть\" \"Башнефть-Новойл\""]
["ЗИП к торцевым уплотнениям","ПАО АНК \"Башнефть\" \"Башнефть-Новойл\"",12,417,"Втулка поз.12 к 52СД-Н","ШТ",2,6029.96,12059.92,"450045, г. Уфа, ПАО АНК \"Башнефть\" \"Башнефть-Новойл\""]
["ЗИП к торцевым уплотнениям","ПАО АНК \"Башнефть\" \"Башнефть-Новойл\"",12,418,"Втулка поз.12 к 60СДС","ШТ",6,5626.73,33760.379999999997,"450045, г. Уфа, ПАО АНК \"Башнефть\" \"Башнефть-Новойл\""]
["ЗИП к торцевым уплотнениям","ПАО АНК \"Башнефть\" \"Башнефть-Новойл\"",12,419,"Втулка поз.12 к 70СДС","ШТ",9,5952.91,53576.19,"450045, г. Уфа, ПАО АНК \"Башнефть\" \"Башнефть-Новойл\""]
["ЗИП к торцевым уплотнениям","ПАО АНК \"Башнефть\" \"Башнефть-Новойл\"",12,420,"Втулка поз.12 к 70СДС","ШТ",2,5952.92,11905.84,"450045, г. Уфа, ПАО АНК \"Башнефть\" \"Башнефть-Новойл\""]
["ЗИП к торцевым уплотнениям","ПАО АНК \"Башнефть\" \"Башнефть-Новойл\"",12,421,"Втулка поз.12 к 90СД-Н","ШТ",2,4804.3999999999996,9608.7999999999993,"450045, г. Уфа, ПАО АНК \"Башнефть\" \"Башнефть-Новойл\""]
["ЗИП к торцевым уплотнениям","ПАО АНК \"Башнефть\" \"Башнефть-Новойл\"",12,422,"Втулка поз.12 к 90СД-Н","ШТ",2,4804.3999999999996,9608.7999999999993,"450045, г. Уфа, ПАО АНК \"Башнефть\" \"Башнефть-Новойл\""]
["ЗИП к торцевым уплотнениям","ПАО АНК \"Башнефть\" \"Башнефть-Новойл\"",12,423,"Втулка поз.12 к 90СД-Н","ШТ",2,5524.31,11048.62,"450045, г. Уфа, ПАО АНК \"Башнефть\" \"Башнефть-Новойл\""]
["ЗИП к торцевым уплотнениям","ПАО АНК \"Башнефть\" \"Башнефть-Новойл\"",12,424,"Втулка поз.12 к 90СДС","ШТ",2,6442.2,12884.4,"450045, г. Уфа, ПАО АНК \"Башнефть\" \"Башнефть-Новойл\""]
["ЗИП к торцевым уплотнениям","ПАО АНК \"Башнефть\" \"Башнефть-Новойл\"",12,425,"Втулка поз.14 к 40СД-Н","ШТ",2,7195.46,14390.92,"450045, г. Уфа, ПАО АНК \"Башнефть\" \"Башнефть-Новойл\""]
["ЗИП к торцевым уплотнениям","ПАО АНК \"Башнефть\" \"Башнефть-Новойл\"",12,426,"Втулка поз.14 к 40СД-Н","ШТ",1,8273.66,8273.66,"450045, г. Уфа, ПАО АНК \"Башнефть\" \"Башнефть-Новойл\""]
["ЗИП к торцевым уплотнениям","ПАО АНК \"Башнефть\" \"Башнефть-Новойл\"",12,427,"Втулка поз.2 к 90СД-2","ШТ",2,6940.04,13880.08,"450045, г. Уфа, ПАО АНК \"Башнефть\" \"Башнефть-Новойл\""]
["ЗИП к торцевым уплотнениям","ПАО АНК \"Башнефть\" \"Башнефть-Новойл\"",12,428,"Втулка поз.26 к 52СД-Н","ШТ",2,8441.98,16883.96,"450045, г. Уфа, ПАО АНК \"Башнефть\" \"Башнефть-Новойл\""]
["ЗИП к торцевым уплотнениям","ПАО АНК \"Башнефть\" \"Башнефть-Новойл\"",12,429,"Втулка поз.26 к 52СД-Н","ШТ",1,7064.08,7064.08,"450045, г. Уфа, ПАО АНК \"Башнефть\" \"Башнефть-Новойл\""]
["ЗИП к торцевым уплотнениям","ПАО АНК \"Башнефть\" \"Башнефть-Новойл\"",12,430,"Втулка поз.26 к 80СДС","ШТ",11,6279.1,69070.100000000006,"450045, г. Уфа, ПАО АНК \"Башнефть\" \"Башнефть-Новойл\""]
["ЗИП к торцевым уплотнениям","ПАО АНК \"Башнефть\" \"Башнефть-Новойл\"",12,431,"Втулка поз.26 к 90СД-Н","ШТ",2,5824.67,11649.34,"450045, г. Уфа, ПАО АНК \"Башнефть\" \"Башнефть-Новойл\""]
["ЗИП к торцевым уплотнениям","ПАО АНК \"Башнефть\" \"Башнефть-Новойл\"",12,432,"Втулка поз.26 к 90СД-Н","ШТ",2,5824.67,11649.34,"450045, г. Уфа, ПАО АНК \"Башнефть\" \"Башнефть-Новойл\""]
["ЗИП к торцевым уплотнениям","ПАО АНК \"Башнефть\" \"Башнефть-Новойл\"",12,433,"Втулка поз.26 к 90СДС","ШТ",2,3946.01,7892.02,"450045, г. Уфа, ПАО АНК \"Башнефть\" \"Башнефть-Новойл\""]
["ЗИП к торцевым уплотнениям","ПАО АНК \"Башнефть\" \"Башнефть-Новойл\"",12,434,"Втулка поз.3 к 52СД-Н","ШТ",2,16967.990000000002,33935.980000000003,"450045, г. Уфа, ПАО АНК \"Башнефть\" \"Башнефть-Новойл\""]
["ЗИП к торцевым уплотнениям","ПАО АНК \"Башнефть\" \"Башнефть-Новойл\"",12,435,"Втулка поз.3 к 90СД-2","ШТ",2,18254.810000000001,36509.620000000003,"450045, г. Уфа, ПАО АНК \"Башнефть\" \"Башнефть-Новойл\""]
["ЗИП к торцевым уплотнениям","ПАО АНК \"Башнефть\" \"Башнефть-Новойл\"",12,436,"Втулка поз.3 к 90СД-Н","ШТ",2,17938.55,35877.1,"450045, г. Уфа, ПАО АНК \"Башнефть\" \"Башнефть-Новойл\""]
["ЗИП к торцевым уплотнениям","ПАО АНК \"Башнефть\" \"Башнефть-Новойл\"",12,437,"Втулка поз.3 к 90СД-Н","ШТ",2,18643.91,37287.82,"450045, г. Уфа, ПАО АНК \"Башнефть\" \"Башнефть-Новойл\""]
["ЗИП к торцевым уплотнениям","ПАО АНК \"Башнефть\" \"Башнефть-Новойл\"",12,438,"Втулка поз.3 к 90СД-Н","ШТ",2,18643.91,37287.82,"450045, г. Уфа, ПАО АНК \"Башнефть\" \"Башнефть-Новойл\""]
["ЗИП к торцевым уплотнениям","ПАО АНК \"Башнефть\" \"Башнефть-Новойл\"",12,439,"Втулка поз.6 к 60РДТ","ШТ",3,11348.42,34045.26,"450045, г. Уфа, ПАО АНК \"Башнефть\" \"Башнефть-Новойл\""]
["ЗИП к торцевым уплотнениям","ПАО АНК \"Башнефть\" \"Башнефть-Новойл\"",12,440,"Втулка поз.8 к 90СД-2","ШТ",2,17184.439999999999,34368.879999999997,"450045, г. Уфа, ПАО АНК \"Башнефть\" \"Башнефть-Новойл\""]
["ЗИП к торцевым уплотнениям","ПАО АНК \"Башнефть\" \"Башнефть-Новойл\"",12,441,"Втулка поз.8 к 90СД-2","ШТ",1,5881.47,5881.47,"450045, г. Уфа, ПАО АНК \"Башнефть\" \"Башнефть-Новойл\""]
["ЗИП к торцевым уплотнениям","ПАО АНК \"Башнефть\" \"Башнефть-Новойл\"",12,442,"Втулка позиция 8 к 70РДТ-2","ШТ",9,3815.38,34338.42,"450045, г. Уфа, ПАО АНК \"Башнефть\" \"Башнефть-Новойл\""]
["ЗИП к торцевым уплотнениям","ПАО АНК \"Башнефть\" \"Башнефть-Новойл\"",12,443,"Втулка разгрузки ч.В16.11.01.103 п.9","ШТ",1,1942.08,1942.08,"450045, г. Уфа, ПАО АНК \"Башнефть\" \"Башнефть-Новойл\""]
["ЗИП к торцевым уплотнениям","ПАО АНК \"Башнефть\" \"Башнефть-Новойл\"",12,444,"Втулка РДКН.103.008-10-02 к 90РДТ-2","ШТ",2,5296.64,10593.28,"450045, г. Уфа, ПАО АНК \"Башнефть\" \"Башнефть-Новойл\""]
["ЗИП к торцевым уплотнениям","ПАО АНК \"Башнефть\" \"Башнефть-Новойл\"",12,445,"Втулка РДКН.103.009-10-02 к 90РДТ-2","ШТ",2,4197.3500000000004,8394.7000000000007,"450045, г. Уфа, ПАО АНК \"Башнефть\" \"Башнефть-Новойл\""]
["ЗИП к торцевым уплотнениям","ПАО АНК \"Башнефть\" \"Башнефть-Новойл\"",12,446,"Втулка упл.РДКН.103.010.3-10-02 к90РДТ-2","ШТ",3,3511.03,10533.09,"450045, г. Уфа, ПАО АНК \"Башнефть\" \"Башнефть-Новойл\""]
["ЗИП к торцевым уплотнениям","ПАО АНК \"Башнефть\" \"Башнефть-Новойл\"",12,447,"Втулка упл.РДКН.103.011.2-10-02 к90РДТ-2","ШТ",3,3511.03,10533.09,"450045, г. Уфа, ПАО АНК \"Башнефть\" \"Башнефть-Новойл\""]
["ЗИП к торцевым уплотнениям","ПАО АНК \"Башнефть\" \"Башнефть-Новойл\"",12,448,"Втулка упл.РДКН.103.10.3-08-02 к 70РДТ-2","ШТ",6,2749.99,16499.939999999999,"450045, г. Уфа, ПАО АНК \"Башнефть\" \"Башнефть-Новойл\""]
["ЗИП к торцевым уплотнениям","ПАО АНК \"Башнефть\" \"Башнефть-Новойл\"",12,449,"Гильза 70УТТ","ШТ",3,15277.74,{"$f":"G453*H453","v":45833.22},"450045, г. Уфа, ПАО АНК \"Башнефть\" \"Башнефть-Новойл\""]
["ЗИП к торцевым уплотнениям","ПАО АНК \"Башнефть\" \"Башнефть-Новойл\"",12,450,"Шайба поз.1.5 к 52СД-Н","ШТ",12,5.47,65.64,"450045, г. Уфа, ПАО АНК \"Башнефть\" \"Башнефть-Новойл\""]
["ЗИП к торцевым уплотнениям","ПАО АНК \"Башнефть\" \"Башнефть-Новойл\"",12,451,"Шайба поз.1.5 к 90СД-Н","ШТ",16,45.17,722.72,"450045, г. Уфа, ПАО АНК \"Башнефть\" \"Башнефть-Новойл\""]
["ЗИП к торцевым уплотнениям","ПАО АНК \"Башнефть\" \"Башнефть-Новойл\"",12,452,"Шайба поз.1.5 к 90СД-Н","ШТ",16,47.54,760.64,"450045, г. Уфа, ПАО АНК \"Башнефть\" \"Башнефть-Новойл\""]
["ЗИП к торцевым уплотнениям","ПАО АНК \"Башнефть\" \"Башнефть-Новойл\"",12,453,"Шайба поз.1.5 к 90СД-Н","ШТ",8,53.83,430.64,"450045, г. Уфа, ПАО АНК \"Башнефть\" \"Башнефть-Новойл\""]
["ЗИП к торцевым уплотнениям","ПАО АНК \"Башнефть\" \"Башнефть-Новойл\"",12,454,"Шайба поз.1.5 к 90СД-Н","ШТ",4,46.97,187.88,"450045, г. Уфа, ПАО АНК \"Башнефть\" \"Башнефть-Новойл\""]
["ЗИП к торцевым уплотнениям","ПАО АНК \"Башнефть\" \"Башнефть-Новойл\"",12,455,"Шайба поз.21 к 40СД-Н","ШТ",18,5.47,98.46,"450045, г. Уфа, ПАО АНК \"Башнефть\" \"Башнефть-Новойл\""]
["ЗИП к торцевым уплотнениям","ПАО АНК \"Башнефть\" \"Башнефть-Новойл\"",12,456,"Шайба поз.24 к 52СД-Н","ШТ",28,5.47,153.16,"450045, г. Уфа, ПАО АНК \"Башнефть\" \"Башнефть-Новойл\""]
["ЗИП к торцевым уплотнениям","ПАО АНК \"Башнефть\" \"Башнефть-Новойл\"",12,457,"Шайба поз.24 к 90СД-Н","ШТ",30,23.71,711.30000000000007,"450045, г. Уфа, ПАО АНК \"Башнефть\" \"Башнефть-Новойл\""]
["ЗИП к торцевым уплотнениям","ПАО АНК \"Башнефть\" \"Башнефть-Новойл\"",12,458,"Шайба поз.24 к 90СД-Н","ШТ",30,20.93,627.9,"450045, г. Уфа, ПАО АНК \"Башнефть\" \"Башнефть-Новойл\""]
["ЗИП к торцевым уплотнениям","ПАО АНК \"Башнефть\" \"Башнефть-Новойл\"",12,459,"Кольцо пружин. поз.22 к 40СД-Н","ШТ",1,760.3,760.3,"450045, г. Уфа, ПАО АНК \"Башнефть\" \"Башнефть-Новойл\""]
["ЗИП к торцевым уплотнениям","ПАО АНК \"Башнефть\" \"Башнефть-Новойл\"",12,460,"Кольцо пружин. поз.23 к 40СД-Н","ШТ",1,633.64,633.64,"450045, г. Уфа, ПАО АНК \"Башнефть\" \"Башнефть-Новойл\""]
["ЗИП к торцевым уплотнениям","ПАО АНК \"Башнефть\" \"Башнефть-Новойл\"",12,461,"Кольцо пружин. поз.7 к 52СД-Н","ШТ",4,606.67999999999995,2426.7199999999998,"450045, г. Уфа, ПАО АНК \"Башнефть\" \"Башнефть-Новойл\""]
["ЗИП к торцевым уплотнениям","ПАО АНК \"Башнефть\" \"Башнефть-Новойл\"",12,462,"Кольцо пружин. поз.7 к 90СД-Н","ШТ",4,3052.61,12210.44,"450045, г. Уфа, ПАО АНК \"Башнефть\" \"Башнефть-Новойл\""]
["ЗИП к торцевым уплотнениям","ПАО АНК \"Башнефть\" \"Башнефть-Новойл\"",12,463,"Кольцо пружин. поз.7 к 90СД-Н","ШТ",2,2900.23,5800.46,"450045, г. Уфа, ПАО АНК \"Башнефть\" \"Башнефть-Новойл\""]
["ЗИП к торцевым уплотнениям","ПАО АНК \"Башнефть\" \"Башнефть-Новойл\"",12,464,"Кольцо пружин. поз.7 к 90СД-Н","ШТ",2,3016.29,6032.58,"450045, г. Уфа, ПАО АНК \"Башнефть\" \"Башнефть-Новойл\""]
["ЗИП к торцевым уплотнениям","ПАО АНК \"Башнефть\" \"Башнефть-Новойл\"",12,465,"Кольцо РДКН.103.011.3-10-02 к 90РДТ-2","ШТ",7,135.06,945.42000000000007,"450045, г. Уфа, ПАО АНК \"Башнефть\" \"Башнефть-Новойл\""]
["ЗИП к торцевым уплотнениям","ПАО АНК \"Башнефть\" \"Башнефть-Новойл\"",12,466,"Кольцо РДКН.103.028.-07-02 к 60РДТ-2","ШТ",7,115.76,810.32,"450045, г. Уфа, ПАО АНК \"Башнефть\" \"Башнефть-Новойл\""]
["ЗИП к торцевым уплотнениям","ПАО АНК \"Башнефть\" \"Башнефть-Новойл\"",12,467,"Кольцо РДКН.103.10.1-07-02 к 60РДТ-2","ШТ",3,4051.75,12155.25,"450045, г. Уфа, ПАО АНК \"Башнефть\" \"Башнефть-Новойл\""]
["ЗИП к торцевым уплотнениям","ПАО АНК \"Башнефть\" \"Башнефть-Новойл\"",12,468,"Кольцо РДКН.103.11.1-07-02 к 60РДТ-2","ШТ",3,4823.51,14470.53,"450045, г. Уфа, ПАО АНК \"Башнефть\" \"Башнефть-Новойл\""]
["ЗИП к торцевым уплотнениям","ПАО АНК \"Башнефть\" \"Башнефть-Новойл\"",12,469,"Кольцо роторное к упл.ТМ 81-140-И СЕ446","ШТ",4,6114.63,24458.52,"450045, г. Уфа, ПАО АНК \"Башнефть\" \"Башнефть-Новойл\""]
["ЗИП к торцевым уплотнениям","ПАО АНК \"Башнефть\" \"Башнефть-Новойл\"",12,470,"Кольцо стопорное поз.6 к 90СД-2","ШТ",4,1194.49,4777.96,"450045, г. Уфа, ПАО АНК \"Башнефть\" \"Башнефть-Новойл\""]
["ЗИП к торцевым уплотнениям","ПАО АНК \"Башнефть\" \"Башнефть-Новойл\"",12,471,"Кольцо уплот. поз.10 к 90СД-Н","ШТ",2,373.73,747.46,"450045, г. Уфа, ПАО АНК \"Башнефть\" \"Башнефть-Новойл\""]
["ЗИП к торцевым уплотнениям","ПАО АНК \"Башнефть\" \"Башнефть-Новойл\"",12,472,"Кольцо уплот. поз.10 к 90СД-Н","ШТ",1,423.17,423.17,"450045, г. Уфа, ПАО АНК \"Башнефть\" \"Башнефть-Новойл\""]
["ЗИП к торцевым уплотнениям","ПАО АНК \"Башнефть\" \"Башнефть-Новойл\"",12,473,"Кольцо уплот. поз.16 к 60РДТ","ШТ",7,2291.9299999999998,16043.509999999998,"450045, г. Уфа, ПАО АНК \"Башнефть\" \"Башнефть-Новойл\""]
["ЗИП к торцевым уплотнениям","ПАО АНК \"Башнефть\" \"Башнефть-Новойл\"",12,474,"Кольцо уплот. поз.17 к 90СД-Н","ШТ",2,431.66,863.32,"450045, г. Уфа, ПАО АНК \"Башнефть\" \"Башнефть-Новойл\""]
["ЗИП к торцевым уплотнениям","ПАО АНК \"Башнефть\" \"Башнефть-Новойл\"",12,475,"Кольцо уплот. поз.17 к 90СД-Н","ШТ",2,488.75,977.5,"450045, г. Уфа, ПАО АНК \"Башнефть\" \"Башнефть-Новойл\""]
["ЗИП к торцевым уплотнениям","ПАО АНК \"Башнефть\" \"Башнефть-Новойл\"",12,476,"Кольцо уплотн.арт. 21993 к РО-0810-13319","ШТ",4,1732.28,6929.12,"450045, г. Уфа, ПАО АНК \"Башнефть\" \"Башнефть-Новойл\""]
["ЗИП к торцевым уплотнениям","ПАО АНК \"Башнефть\" \"Башнефть-Новойл\"",12,477,"Кольцо уплотн.арт. 29718 к РО-0810-13319","ШТ",8,866.14,6929.12,"450045, г. Уфа, ПАО АНК \"Башнефть\" \"Башнефть-Новойл\""]
["ЗИП к торцевым уплотнениям","ПАО АНК \"Башнефть\" \"Башнефть-Новойл\"",12,478,"Кольцо уплотнительное поз.31 к 60РДТ","ШТ",20,474.53,9490.5999999999985,"450045, г. Уфа, ПАО АНК \"Башнефть\" \"Башнефть-Новойл\""]
["ЗИП к торцевым уплотнениям","ПАО АНК \"Башнефть\" \"Башнефть-Новойл\"",12,479,"Винт поз.19 к 90СД-Н","ШТ",10,65.03,650.29999999999995,"450045, г. Уфа, ПАО АНК \"Башнефть\" \"Башнефть-Новойл\""]
["ЗИП к торцевым уплотнениям","ПАО АНК \"Башнефть\" \"Башнефть-Новойл\"",12,480,"Винт поз.20 к 90СД-Н","ШТ",2,79.180000000000007,158.36000000000001,"450045, г. Уфа, ПАО АНК \"Башнефть\" \"Башнефть-Новойл\""]
["ЗИП к торцевым уплотнениям","ПАО АНК \"Башнефть\" \"Башнефть-Новойл\"",12,481,"Винт поз.20 к 90СД-Н","ШТ",4,82.35,329.4,"450045, г. Уфа, ПАО АНК \"Башнефть\" \"Башнефть-Новойл\""]
["ЗИП к торцевым уплотнениям","ПАО АНК \"Башнефть\" \"Башнефть-Новойл\"",12,482,"Винт поз.20 к 90СД-Н","ШТ",10,83.34,833.40000000000009,"450045, г. Уфа, ПАО АНК \"Башнефть\" \"Башнефть-Новойл\""]
["ЗИП к торцевым уплотнениям","ПАО АНК \"Башнефть\" \"Башнефть-Новойл\"",12,483,"Винт поз.20 к 90СД-Н","ШТ",2,94.36,188.72,"450045, г. Уфа, ПАО АНК \"Башнефть\" \"Башнефть-Новойл\""]
["ЗИП к торцевым уплотнениям","ПАО АНК \"Башнефть\" \"Башнефть-Новойл\"",12,484,"Винт поз.21 к 52СД-Н","ШТ",16,21.86,349.76,"450045, г. Уфа, ПАО АНК \"Башнефть\" \"Башнефть-Новойл\""]
["ЗИП к торцевым уплотнениям","ПАО АНК \"Башнефть\" \"Башнефть-Новойл\"",12,485,"Винт поз.21 к 90СД-Н","ШТ",24,44.29,1062.96,"450045, г. Уфа, ПАО АНК \"Башнефть\" \"Башнефть-Новойл\""]
["ЗИП к торцевым уплотнениям","ПАО АНК \"Башнефть\" \"Башнефть-Новойл\"",12,486,"Винт поз.21 к 90СД-Н","ШТ",24,50.14,1203.3600000000001,"450045, г. Уфа, ПАО АНК \"Башнефть\" \"Башнефть-Новойл\""]
["ЗИП к торцевым уплотнениям","ПАО АНК \"Башнефть\" \"Башнефть-Новойл\"",12,487,"Винт поз.23 к 52СД-Н","ШТ",16,21.86,349.76,"450045, г. Уфа, ПАО АНК \"Башнефть\" \"Башнефть-Новойл\""]
["ЗИП к торцевым уплотнениям","ПАО АНК \"Башнефть\" \"Башнефть-Новойл\"",12,488,"Винт поз.24 к 90СД-2","ШТ",8,24.55,196.4,"450045, г. Уфа, ПАО АНК \"Башнефть\" \"Башнефть-Новойл\""]
["ЗИП к торцевым уплотнениям","ПАО АНК \"Башнефть\" \"Башнефть-Новойл\"",12,489,"Винт поз.6 к 52СД-Н","ШТ",4,21.86,87.44,"450045, г. Уфа, ПАО АНК \"Башнефть\" \"Башнефть-Новойл\""]
["ЗИП к торцевым уплотнениям","ПАО АНК \"Башнефть\" \"Башнефть-Новойл\"",12,490,"Винт поз.6 к 90СД-Н","ШТ",6,41.19,247.14,"450045, г. Уфа, ПАО АНК \"Башнефть\" \"Башнефть-Новойл\""]
["ЗИП к торцевым уплотнениям","ПАО АНК \"Башнефть\" \"Башнефть-Новойл\"",12,491,"Винт поз.6 к 90СД-Н","ШТ",4,42.84,171.36,"450045, г. Уфа, ПАО АНК \"Башнефть\" \"Башнефть-Новойл\""]
["ЗИП к торцевым уплотнениям","ПАО АНК \"Башнефть\" \"Башнефть-Новойл\"",12,492,"Винт поз.6 к 90СД-Н","ШТ",16,43.36,693.76,"450045, г. Уфа, ПАО АНК \"Башнефть\" \"Башнефть-Новойл\""]
["ЗИП к торцевым уплотнениям","ПАО АНК \"Башнефть\" \"Башнефть-Новойл\"",12,493,"Винт поз.6 к 90СД-Н","ШТ",8,49.09,392.72,"450045, г. Уфа, ПАО АНК \"Башнефть\" \"Башнефть-Новойл\""]
["ЗИП к торцевым уплотнениям","ПАО АНК \"Башнефть\" \"Башнефть-Новойл\"",12,494,"Пружина (Ч Н00.16.03)","ШТ",40,127.5,5100,"450045, г. Уфа, ПАО АНК \"Башнефть\" \"Башнефть-Новойл\""]
["ЗИП к торцевым уплотнениям","ПАО АНК \"Башнефть\" \"Башнефть-Новойл\"",12,495,"Пружина арт. 22273 к РО-0810-13319","ШТ",24,433.07,10393.68,"450045, г. Уфа, ПАО АНК \"Башнефть\" \"Башнефть-Новойл\""]
["ЗИП к торцевым уплотнениям","ПАО АНК \"Башнефть\" \"Башнефть-Новойл\"",12,496,"Пружина поз.10.4 к 70РДТ-2","ШТ",20,40.409999999999997,808.19999999999993,"450045, г. Уфа, ПАО АНК \"Башнефть\" \"Башнефть-Новойл\""]
["ЗИП к торцевым уплотнениям","ПАО АНК \"Башнефть\" \"Башнефть-Новойл\"",12,497,"Пружина поз.11.4 к 70РДТ-2","ШТ",4,522.77,2091.08,"450045, г. Уфа, ПАО АНК \"Башнефть\" \"Башнефть-Новойл\""]
["ЗИП к торцевым уплотнениям","ПАО АНК \"Башнефть\" \"Башнефть-Новойл\"",12,498,"Пружина поз.26 к 40СД-Н","ШТ",2,1851.58,3703.16,"450045, г. Уфа, ПАО АНК \"Башнефть\" \"Башнефть-Новойл\""]
["ЗИП к торцевым уплотнениям","ПАО АНК \"Башнефть\" \"Башнефть-Новойл\"",12,499,"Пружина поз.30 к 70РДТ-2","ШТ",3,1113.99,3341.9700000000003,"450045, г. Уфа, ПАО АНК \"Башнефть\" \"Башнефть-Новойл\""]
["ЗИП к торцевым уплотнениям","ПАО АНК \"Башнефть\" \"Башнефть-Новойл\"",12,500,"Пружина поз.4 к УСГ-60","ШТ",15,50.98,764.69999999999993,"450045, г. Уфа, ПАО АНК \"Башнефть\" \"Башнефть-Новойл\""]
["ЗИП к торцевым уплотнениям","ПАО АНК \"Башнефть\" \"Башнефть-Новойл\"",12,501,"Пружина поз.9 к 52СД-Н","ШТ",2,1423.24,2846.48,"450045, г. Уфа, ПАО АНК \"Башнефть\" \"Башнефть-Новойл\""]
["ЗИП к торцевым уплотнениям","ПАО АНК \"Башнефть\" \"Башнефть-Новойл\"",12,502,"Пружина поз.9 к 60СД-Н","ШТ",4,1156.48,4625.92,"450045, г. Уфа, ПАО АНК \"Башнефть\" \"Башнефть-Новойл\""]
["ЗИП к торцевым уплотнениям","ПАО АНК \"Башнефть\" \"Башнефть-Новойл\"",12,503,"Пружина поз.9 к 90СД-Н","ШТ",4,2005.34,8021.36,"450045, г. Уфа, ПАО АНК \"Башнефть\" \"Башнефть-Новойл\""]
["ЗИП к торцевым уплотнениям","ПАО АНК \"Башнефть\" \"Башнефть-Новойл\"",12,504,"Пружина поз.9 к 90СД-Н","ШТ",2,2085.58,4171.16,"450045, г. Уфа, ПАО АНК \"Башнефть\" \"Башнефть-Новойл\""]
["ЗИП к торцевым уплотнениям","ПАО АНК \"Башнефть\" \"Башнефть-Новойл\"",12,505,"Пружина РДКН.102.009-07 к 60СД-Н","ШТ",18,772.88,13911.84,"450045, г. Уфа, ПАО АНК \"Башнефть\" \"Башнефть-Новойл\""]
["ЗИП к торцевым уплотнениям","ПАО АНК \"Башнефть\" \"Башнефть-Новойл\"",12,506,"Пружина уплотнения ТМ 81-140-И СЕ446","ШТ",16,146.22,2339.52,"450045, г. Уфа, ПАО АНК \"Башнефть\" \"Башнефть-Новойл\""]
["ЗИП к торцевым уплотнениям","ПАО АНК \"Башнефть\" \"Башнефть-Новойл\"",12,507,"Уплотнение торц. 153.Д.Н2.050.821МК","ШТ",2,10360.39,20720.78,"450045, г. Уфа, ПАО АНК \"Башнефть\" \"Башнефть-Новойл\""]
["ЗИП к торцевым уплотнениям","ПАО АНК \"Башнефть\" \"Башнефть-Новойл\"",12,508,"Уплотнение торц. 351/Т.Н1.060.384МК ЗИП","ШТ",8,45790.43,366323.44,"450045, г. Уфа, ПАО АНК \"Башнефть\" \"Башнефть-Новойл\""]
["ЗИП к торцевым уплотнениям","ПАО АНК \"Башнефть\" \"Башнефть-Новойл\"",12,509,"Уплотнение торц. 361.Н3.060.384МК","ШТ",2,26038.3,52076.6,"450045, г. Уфа, ПАО АНК \"Башнефть\" \"Башнефть-Новойл\""]
["ЗИП к торцевым уплотнениям","ПАО АНК \"Башнефть\" \"Башнефть-Новойл\"",12,510,"Уплотнение торц. ДНТ-90КР","ШТ",2,46459.54,92919.08,"450045, г. Уфа, ПАО АНК \"Башнефть\" \"Башнефть-Новойл\""]
["ЗИП к торцевым уплотнениям","ПАО АНК \"Башнефть\" \"Башнефть-Новойл\"",12,511,"Уплотнение торц. КРП/Т.110.080.643КК","ШТ",1,27034.82,27034.82,"450045, г. Уфа, ПАО АНК \"Башнефть\" \"Башнефть-Новойл\""]
["ЗИП к торцевым уплотнениям","ПАО АНК \"Башнефть\" \"Башнефть-Новойл\"",12,512,"Уплотнение торц. КРП/Т.111.080.643КК","ШТ",6,27034.82,162208.91999999998,"450045, г. Уфа, ПАО АНК \"Башнефть\" \"Башнефть-Новойл\""]
["ЗИП к торцевым уплотнениям","ПАО АНК \"Башнефть\" \"Башнефть-Новойл\"",12,513,"Уплотнение торц. КРП/Т.112.080.643КК","ШТ",3,27034.82,{"$f":"G517*H517","v":81104.459999999992},"450045, г. Уфа, ПАО АНК \"Башнефть\" \"Башнефть-Новойл\""]
["ЗИП к торцевым уплотнениям","ПАО АНК \"Башнефть\" \"Башнефть-Новойл\"",12,514,"Уплотнение торц. РО-0810-13319","ШТ",4,61495.88,245983.52,"450045, г. Уфа, ПАО АНК \"Башнефть\" \"Башнефть-Новойл\""]
["ЗИП к торцевым уплотнениям","ПАО АНК \"Башнефть\" \"Башнефть-Новойл\"",12,515,"Уплотнение торцовое 70УТТХ.00.00","ШТ",1,70619.86,70619.86,"450045, г. Уфа, ПАО АНК \"Башнефть\" \"Башнефть-Новойл\""]
["ЗИП к торцевым уплотнениям","ПАО АНК \"Башнефть\" \"Башнефть-Новойл\"",12,516,"Ремкомплект РК-1 к РДТС-60","ШТ",1,18323.87,18323.87,"450045, г. Уфа, ПАО АНК \"Башнефть\" \"Башнефть-Новойл\""]
["ЗИП к торцевым уплотнениям","ПАО АНК \"Башнефть\" \"Башнефть-Новойл\"",12,517,"Ремкомплект РК-2 к 52СД-СВ-Л","ШТ",4,54411.92,217647.68,"450045, г. Уфа, ПАО АНК \"Башнефть\" \"Башнефть-Новойл\""]
["ЗИП к торцевым уплотнениям","ПАО АНК \"Башнефть\" \"Башнефть-Новойл\"",12,518,"Ремкомплект РК-3 90 СДН","ШТ",1,9840.74,9840.74,"450045, г. Уфа, ПАО АНК \"Башнефть\" \"Башнефть-Новойл\""]
["ЗИП к торцевым уплотнениям","ПАО АНК \"Башнефть\" \"Башнефть-Новойл\"",12,519,"Импеллер поз.8 к 90СД-Н","ШТ",2,4888.66,9777.32,"450045, г. Уфа, ПАО АНК \"Башнефть\" \"Башнефть-Новойл\""]
["ЗИП к торцевым уплотнениям","ПАО АНК \"Башнефть\" \"Башнефть-Новойл\"",12,520,"Импеллер поз.8 к 90СД-Н","ШТ",1,4703.7,4703.7,"450045, г. Уфа, ПАО АНК \"Башнефть\" \"Башнефть-Новойл\""]
["ЗИП к торцевым уплотнениям","ПАО АНК \"Башнефть\" \"Башнефть-Новойл\"",12,521,"Клипса поз.22 к 52СД-Н","ШТ",8,771.74,6173.92,"450045, г. Уфа, ПАО АНК \"Башнефть\" \"Башнефть-Новойл\""]
["ЗИП к торцевым уплотнениям","ПАО АНК \"Башнефть\" \"Башнефть-Новойл\"",12,522,"Клипса поз.22 к 90СД-Н","ШТ",12,194.89,2338.6799999999998,"450045, г. Уфа, ПАО АНК \"Башнефть\" \"Башнефть-Новойл\""]
["ЗИП к торцевым уплотнениям","ПАО АНК \"Башнефть\" \"Башнефть-Новойл\"",12,523,"Клипса поз.7 к 40СД-Н","ШТ",2,959.06,1918.12,"450045, г. Уфа, ПАО АНК \"Башнефть\" \"Башнефть-Новойл\""]
["ЗИП к торцевым уплотнениям","ПАО АНК \"Башнефть\" \"Башнефть-Новойл\"",12,524,"Клипса поз.7 к 40СД-Н","ШТ",2,1085.93,2171.86,"450045, г. Уфа, ПАО АНК \"Башнефть\" \"Башнефть-Новойл\""]
["ЗИП к торцевым уплотнениям","ПАО АНК \"Башнефть\" \"Башнефть-Новойл\"",12,525,"Комплект атмосферных пружин к 60 РДТ","КМП",2,1764.14,3528.28,"450045, г. Уфа, ПАО АНК \"Башнефть\" \"Башнефть-Новойл\""]
["ЗИП к торцевым уплотнениям","ПАО АНК \"Башнефть\" \"Башнефть-Новойл\"",12,526,"Комплект вторичных уплотнений 90СД-Н","ШТ",2,4949.0600000000004,9898.1200000000008,"450045, г. Уфа, ПАО АНК \"Башнефть\" \"Башнефть-Новойл\""]
["ЗИП к торцевым уплотнениям","ПАО АНК \"Башнефть\" \"Башнефть-Новойл\"",12,527,"Комплект вторичных уплотнений к 90СД-2","ШТ",8,4578.45,36627.599999999999,"450045, г. Уфа, ПАО АНК \"Башнефть\" \"Башнефть-Новойл\""]
["ЗИП к торцевым уплотнениям","ПАО АНК \"Башнефть\" \"Башнефть-Новойл\"",12,528,"Комплект ЗИП к КРП/Т.110.080.643КК","ШТ",4,27034.83,108139.32,"450045, г. Уфа, ПАО АНК \"Башнефть\" \"Башнефть-Новойл\""]
["ЗИП к торцевым уплотнениям","ПАО АНК \"Башнефть\" \"Башнефть-Новойл\"",12,529,"Комплект ЗИП к КРП/Т.111.080.643КК","ШТ",4,27034.82,108139.28,"450045, г. Уфа, ПАО АНК \"Башнефть\" \"Башнефть-Новойл\""]
["ЗИП к торцевым уплотнениям","ПАО АНК \"Башнефть\" \"Башнефть-Новойл\"",12,530,"Комплект ЗИП к КРП/Т.112.080.643КК","ШТ",2,27034.83,54069.66,"450045, г. Уфа, ПАО АНК \"Башнефть\" \"Башнефть-Новойл\""]
["ЗИП к торцевым уплотнениям","ПАО АНК \"Башнефть\" \"Башнефть-Новойл\"",12,531,"Крышка РДКН.103.010.1-10-02 к 90РДТ-2","ШТ",3,5691.75,17075.25,"450045, г. Уфа, ПАО АНК \"Башнефть\" \"Башнефть-Новойл\""]
["ЗИП к торцевым уплотнениям","ПАО АНК \"Башнефть\" \"Башнефть-Новойл\"",12,532,"Крышка РДКН.103.011.1-10-02 к 90РДТ-2","ШТ",4,6463.51,25854.04,"450045, г. Уфа, ПАО АНК \"Башнефть\" \"Башнефть-Новойл\""]
["ЗИП к торцевым уплотнениям","ПАО АНК \"Башнефть\" \"Башнефть-Новойл\"",12,533,"Обойма РДКН.103.10.2-08-02 к 70РДТ-2","ШТ",4,4862.1099999999997,19448.439999999999,"450045, г. Уфа, ПАО АНК \"Башнефть\" \"Башнефть-Новойл\""]
["ЗИП к торцевым уплотнениям","ПАО АНК \"Башнефть\" \"Башнефть-Новойл\"",12,534,"Пара сильфонная BURGMANN MFL85N/MFL85IZ","ШТ",2,97956.03,195912.06,"450045, г. Уфа, ПАО АНК \"Башнефть\" \"Башнефть-Новойл\""]
["ЗИП к торцевым уплотнениям","ПАО АНК \"Башнефть\" \"Башнефть-Новойл\"",12,535,"Прокладка арт. 9759 к РО-0810-13319","ШТ",8,866.14,6929.12,"450045, г. Уфа, ПАО АНК \"Башнефть\" \"Башнефть-Новойл\""]
["ЗИП к торцевым уплотнениям","ПАО АНК \"Башнефть\" \"Башнефть-Новойл\"",12,536,"Прокладка поз.11 к 40СД-Н","ШТ",12,541.52,6498.24,"450045, г. Уфа, ПАО АНК \"Башнефть\" \"Башнефть-Новойл\""]
["ЗИП к торцевым уплотнениям","ПАО АНК \"Башнефть\" \"Башнефть-Новойл\"",12,537,"Прокладка поз.11 к 40СД-Н","ШТ",4,478.25,1913,"450045, г. Уфа, ПАО АНК \"Башнефть\" \"Башнефть-Новойл\""]
["ЗИП к торцевым уплотнениям","ПАО АНК \"Башнефть\" \"Башнефть-Новойл\"",12,538,"Прокладка поз.14 к 69РДТ-2","ШТ",6,179.6,1077.5999999999999,"450045, г. Уфа, ПАО АНК \"Башнефть\" \"Башнефть-Новойл\""]
["ЗИП к торцевым уплотнениям","ПАО АНК \"Башнефть\" \"Башнефть-Новойл\"",12,539,"Прокладка поз.15 к 60СД-Н","ШТ",6,468.89,2813.34,"450045, г. Уфа, ПАО АНК \"Башнефть\" \"Башнефть-Новойл\""]
["ЗИП к торцевым уплотнениям","ПАО АНК \"Башнефть\" \"Башнефть-Новойл\"",12,540,"Прокладка поз.16 к 40СД-Н","ШТ",4,535.63,2142.52,"450045, г. Уфа, ПАО АНК \"Башнефть\" \"Башнефть-Новойл\""]
["ЗИП к торцевым уплотнениям","ПАО АНК \"Башнефть\" \"Башнефть-Новойл\"",12,541,"Прокладка поз.2.3 к 40СД-Н","ШТ",4,535.63,2142.52,"450045, г. Уфа, ПАО АНК \"Башнефть\" \"Башнефть-Новойл\""]
["ЗИП к торцевым уплотнениям","ПАО АНК \"Башнефть\" \"Башнефть-Новойл\"",12,542,"Сборка сильфон. поз.13 к 80СДС","ШТ",1,57082.74,57082.74,"450045, г. Уфа, ПАО АНК \"Башнефть\" \"Башнефть-Новойл\""]
["ЗИП к торцевым уплотнениям","ПАО АНК \"Башнефть\" \"Башнефть-Новойл\"",12,543,"Сборка сильфон. поз.2 к 80СДС","ШТ",3,57082.74,171248.22,"450045, г. Уфа, ПАО АНК \"Башнефть\" \"Башнефть-Новойл\""]
["ЗИП к торцевым уплотнениям","ПАО АНК \"Башнефть\" \"Башнефть-Новойл\"",12,544,"Узел атм.сильф.РДКН.102.030-09 к 60СД-Н","ШТ",2,28957.03,57914.06,"450045, г. Уфа, ПАО АНК \"Башнефть\" \"Башнефть-Новойл\""]
["ЗИП к торцевым уплотнениям","ПАО АНК \"Башнефть\" \"Башнефть-Новойл\"",12,545,"Шарик поз.25 к 60СД-Н","ШТ",10,166.98,1669.8,"450045, г. Уфа, ПАО АНК \"Башнефть\" \"Башнефть-Новойл\""]
["ЗИП к торцевым уплотнениям","ПАО АНК \"Башнефть\" \"Башнефть-Новойл\"",12,546,"Шпиндель Н249.03.004а","ШТ",16,2584.2199999999998,41347.519999999997,"450045, г. Уфа, ПАО АНК \"Башнефть\" \"Башнефть-Новойл\""]
["ЗИП к торцевым уплотнениям","ПАО АНК \"Башнефть\" \"Башнефть-Новойл\"",12,547,"Штифт поз.12 к 90СД-2","ШТ",4,8.18,32.72,"450045, г. Уфа, ПАО АНК \"Башнефть\" \"Башнефть-Новойл\""]
["ЗИП к торцевым уплотнениям","ПАО АНК \"Башнефть\" \"Башнефть-Новойл\"",12,548,"Пружина поз.11.4 к 70РДТ-2","ШТ",4,522.77,2091.08,"450045, г. Уфа, ПАО АНК \"Башнефть\" \"Башнефть-Новойл\""]
["ЗИП к торцевым уплотнениям","ПАО АНК \"Башнефть\" \"Башнефть-Новойл\"",12,549,"Уплотнение торц. КРП/Т.110.080.643КК","ШТ",5,27034.82,135174.1,"450045, г. Уфа, ПАО АНК \"Башнефть\" \"Башнефть-Новойл\""]
["ЗИП к торцевым уплотнениям","ПАО АНК \"Башнефть\" \"Башнефть-Новойл\"",12,550,"Шарик поз.25 к 60СД-Н","ШТ",6,166.98,1001.8799999999999,"450045, г. Уфа, ПАО АНК \"Башнефть\" \"Башнефть-Новойл\""]
["ЗИП к торцевым уплотнениям","ПАО АНК \"Башнефть\" \"Башнефть-Новойл\"",12,551,"Шпиндель Н249.03.004а","ШТ",4,2584.2199999999998,10336.879999999999,"450045, г. Уфа, ПАО АНК \"Башнефть\" \"Башнефть-Новойл\""]
["Оборудование","ПАО АНК \"Башнефть\" \"Башнефть-Новойл\"",13,552,"Установка насосная 2УНД1ПГ125/25Д1В-59У2","ШТ",1,747050.92,747050.92,"450045, г. Уфа, ПАО АНК \"Башнефть\" \"Башнефть-Новойл\""]
["Оборудование","ПАО АНК \"Башнефть\" \"Башнефть-Новойл\"",13,553,"Насос 1КС80-155","ШТ",1,34898.550000000003,34898.550000000003,"450045, г. Уфа, ПАО АНК \"Башнефть\" \"Башнефть-Новойл\""]
["Оборудование","ПАО АНК \"Башнефть\" \"Башнефть-Новойл\"",13,554,"Насос GSV038BXDT01L06B 4ВР100L4 4/1500","ШТ",1,988632.31,988632.31,"450045, г. Уфа, ПАО АНК \"Башнефть\" \"Башнефть-Новойл\""]
["Оборудование","ПАО АНК \"Башнефть\" \"Башнефть-Новойл\"",13,555,"Насос GSV076BDXT01L06B ВА180S2 22/3000","ШТ",2,1666551.6,3333103.2,"450045, г. Уфа, ПАО АНК \"Башнефть\" \"Башнефть-Новойл\""]
["Оборудование","ПАО АНК \"Башнефть\" \"Башнефть-Новойл\"",13,556,"Насос масляный Н3.500.662","ШТ",1,55337.26,55337.26,"450045, г. Уфа, ПАО АНК \"Башнефть\" \"Башнефть-Новойл\""]
["Оборудование","ПАО АНК \"Башнефть\" \"Башнефть-Новойл\"",13,557,"Насос СД160/45","ШТ",2,65412,130824,"450045, г. Уфа, ПАО АНК \"Башнефть\" \"Башнефть-Новойл\""]
["Клапан","ПАО АНК \"Башнефть\" \"Башнефть-Новойл\"",14,558,"Клапан отсечной 3.320.133-01","ШТ",1,99470.67,99470.67,"450045, г. Уфа, ПАО АНК \"Башнефть\" \"Башнефть-Новойл\""]
["Клапан","ПАО АНК \"Башнефть\" \"Башнефть-Новойл\"",14,559,"Клапан 314CLE 1830375 Hoerbiger","ШТ",12,1463254.38,17559052.559999999,"450045, г. Уфа, ПАО АНК \"Башнефть\" \"Башнефть-Новойл\""]
["Клапан","ПАО АНК \"Башнефть\" \"Башнефть-Новойл\"",14,560,"Клапан нагнетательный ч.0112-1","ШТ",16,1019.45,16311.2,"450045, г. Уфа, ПАО АНК \"Башнефть\" \"Башнефть-Новойл\""]
["Клапан","ПАО АНК \"Башнефть\" \"Башнефть-Новойл\"",14,561,"Клапан отсечной 3.320.133-01","ШТ",2,99470.67,198941.34,"450045, г. Уфа, ПАО АНК \"Башнефть\" \"Башнефть-Новойл\""]
["Клапан","ПАО АНК \"Башнефть\" \"Башнефть-Новойл\"",14,562,"Клапан отсечной 3.320.133-01","ШТ",2,57084.69,114169.38,"450045, г. Уфа, ПАО АНК \"Башнефть\" \"Башнефть-Новойл\""]
["Клапан","ПАО АНК \"Башнефть\" \"Башнефть-Новойл\"",14,563,"Пластина клапана 2АГ4104а","ШТ",65,465.16,30235.4,"450045, г. Уфа, ПАО АНК \"Башнефть\" \"Башнефть-Новойл\""]
["Клапан","ПАО АНК \"Башнефть\" \"Башнефть-Новойл\"",14,564,"Пластина клапана БД2ВГ4104а","ШТ",275,810.31,222835.24999999997,"450045, г. Уфа, ПАО АНК \"Башнефть\" \"Башнефть-Новойл\""]
["Клапан","ПАО АНК \"Башнефть\" \"Башнефть-Новойл\"",14,565,"Седло клапана ч.Г2/30.2.02","ШТ",4,2757.73,11030.92,"450045, г. Уфа, ПАО АНК \"Башнефть\" \"Башнефть-Новойл\""]
["Клапан","ПАО АНК \"Башнефть\" \"Башнефть-Новойл\"",14,566,"Седло клапана ч.Г2/302.0.02-2","ШТ",3,2165.52,6496.5599999999995,"450045, г. Уфа, ПАО АНК \"Башнефть\" \"Башнефть-Новойл\""]
["Клапан","ПАО АНК \"Башнефть\" \"Башнефть-Новойл\"",14,567,"Шпилька упорная клапана 134-01-04","ШТ",16,13241.02,211856.32,"450045, г. Уфа, ПАО АНК \"Башнефть\" \"Башнефть-Новойл\""]
["Клапан","ПАО АНК \"Башнефть\" \"Башнефть-Новойл\"",14,568,"Пластина клапана 2АГ4104а","ШТ",10,465.16,4651.6000000000004,"450045, г. Уфа, ПАО АНК \"Башнефть\" \"Башнефть-Новойл\""]
["Клапан","ПАО АНК \"Башнефть\" \"Башнефть-Новойл\"",14,569,"Пластина клапана 2АГ4104а","ШТ",40,465.16,18606.400000000001,"450045, г. Уфа, ПАО АНК \"Башнефть\" \"Башнефть-Новойл\""]

{"sheet":"Лист1","index":1,"n_rows":0,"n_cols":0,"rows_kept":0,"cut":false,"hidden":false,"merged":[]}